{"text_format":"3","workbook":"xlsx","n_sheets":3,"sheets":["Summary","Concrete","Site Work"],"not_rendered":{"defined_names":6},"read":"whole","date_system":"1900"}

{"sheet":"Summary","index":0,"n_rows":29,"n_cols":7,"rows_kept":29,"merged":[[1,1,1,6],[1,7,1,11],[2,1,2,6],[5,8,5,12],[7,8,7,12],[8,8,8,12],[9,1,9,6],[9,8,9,12],[10,8,10,12],[11,8,11,12],[13,1,13,2],[13,4,13,6],[14,1,15,2],[14,3,15,3],[14,4,15,6],[16,1,16,6]]}
[]
[null,"SUMMARY"]
{"$rows_empty":11}
[null,"DATE",null,"PROJECT NAME",{"$f":"Concrete!J15","v":"PROJECT LOCATION"}]
[]
[]
[]
[null,"LINE NO.","CSI DIV.","DESCRIPTION","MATERIAL COST","LABOR\nCOST","TOTAL\nCOST"]
[]
[null,{"$f":"IF(G20<>\"\",1+MAX($B$18:B19),\"\")","v":""},null,"BASE BID"]
[null,{"$f":"IF(G21<>\"\",1+MAX($B$18:B20),\"\")","v":{"v":1,"d":"1 "}},null,"BUILDING CONCRETE",{"$f":"Concrete!R5+(Concrete!R5*(Concrete!$Q$8+Concrete!$Q$10+Concrete!$Q$12))+(Concrete!$Q$11*(Concrete!R5+Concrete!R5*Concrete!$Q$8+Concrete!R5*Concrete!$Q$10))","v":{"v":466625.3701387381,"d":"$466,625"}},{"$f":"Concrete!R6+(Concrete!R6*(Concrete!$Q$9+Concrete!$Q$10+Concrete!$Q$12))+(Concrete!$Q$11*(Concrete!R6+Concrete!R6*Concrete!$Q$9+Concrete!R6*Concrete!$Q$10))","v":{"v":623536.172794324,"d":"$623,536"}},{"$f":"Concrete!R13","v":{"v":1090161.542933062,"d":"$1,090,162"}}]
[null,{"$f":"IF(G22<>\"\",1+MAX($B$18:B21),\"\")","v":{"v":2,"d":"2 "}},null,"SITE WORK",{"$f":"'Site Work'!R5+('Site Work'!R5*('Site Work'!$Q$8+'Site Work'!$Q$10+'Site Work'!$Q$12))+('Site Work'!$Q$11*('Site Work'!R5+'Site Work'!R5*'Site Work'!$Q$8+'Site Work'!R5*'Site Work'!$Q$10))","v":{"v":175083.62562425536,"d":"$175,084"}},{"$f":"'Site Work'!R6+('Site Work'!R6*('Site Work'!$Q$9+'Site Work'!$Q$10+'Site Work'!$Q$12))+('Site Work'!$Q$11*('Site Work'!R6+'Site Work'!R6*'Site Work'!$Q$9+'Site Work'!R6*'Site Work'!$Q$10))","v":{"v":742225.9504751959,"d":"$742,226"}},{"$f":"'Site Work'!R13","v":{"v":917309.5760994514,"d":"$917,310"}}]
[null,{"$f":"IF(G23<>\"\",1+MAX($B$18:B22),\"\")","v":""}]
[{"$nulls":3},"TOTAL PROJECT COST",null,null,{"$f":"SUM(G21:G23)","v":{"v":2007471.1190325134,"d":"$2,007,471"}}]
[]
[null,{"$f":"IF(G26<>\"\",1+MAX($B$18:B25),\"\")","v":""},null,"ALTERNATE"]
[null,{"$f":"IF(G27<>\"\",1+MAX($B$18:B26),\"\")","v":""}]
[null,{"$f":"IF(G28<>\"\",1+MAX($B$20:B27),\"\")","v":{"v":3,"d":"3 "}},null,"ALTERNATE #1",{"$f":"'Site Work'!I198","v":0},{"v":4686.575030545888,"d":"$4,687"},{"$f":"'Site Work'!R198","v":{"v":4686.575030545888,"d":"$4,687"}}]
[null,{"$f":"IF(C29<>\"\",1+MAX($B$18:B24),\"\")","v":""}]

{"sheet":"Concrete","index":1,"n_rows":110,"n_cols":21,"rows_kept":110,"merged":[[1,1,1,17],[2,1,2,7],[2,8,2,17],[3,1,3,7],[3,8,3,17],[4,8,4,15],[5,8,5,15],[6,8,6,15],[7,8,7,15],[8,8,8,15],[9,8,9,15],[10,8,10,15],[11,8,11,15],[12,8,12,15],[13,8,13,15],[14,1,14,2],[14,4,14,8],[14,9,14,17],[15,1,16,2],[15,3,16,3],[15,4,16,8],[15,9,16,17],[17,1,18,1],[17,2,18,2],[17,3,18,3],[17,4,18,4],[17,5,18,5],[17,6,17,8],[17,9,17,15],[17,16,18,16],[17,17,18,17],[20,4,20,6],[20,10,20,13],[24,4,24,6],[24,10,24,13],[27,2,31,2],[37,2,38,2],[51,2,52,2],[58,2,59,2],[71,2,81,2],[87,2,88,2],[91,2,92,2],[95,2,96,2]]}
[]
[null,"CONSTRUCTION COST ESTIMATE BREAKDOWN",{"$nulls":17},0.9,1.34]
[null,"CONTRACTOR",{"$nulls":6},"ADDRESS"]
[]
[{"$nulls":8},"TOTAL MATERIAL COST",{"$nulls":8},{"$f":"SUM(I22:I110)","v":{"v":336003.8668865801,"d":"$336,004"}}]
[{"$nulls":8},"TOTAL LABOR COST",{"$nulls":8},{"$f":"SUM(P22:P110)","v":{"v":436955.9725258052,"d":"$436,956"}}]
[{"$nulls":8},"SUBTOTAL",{"$nulls":8},{"$f":"SUM(R5:R6)","v":{"v":772959.8394123852,"d":"$772,960"}}]
[{"$nulls":8},"SALES TAX",{"$nulls":7},{"v":0.0625,"d":"6.25%"},{"$f":"R5*Q8","v":{"v":21000.241680411254,"d":"$21,000"}}]
[{"$nulls":8},"LABOR BURDEN",{"$nulls":7},{"v":0.1,"d":"10.00%"},{"$f":"R6*Q9","v":{"v":43695.59725258052,"d":"$43,696"}}]
[{"$nulls":8},"OVERHEAD & PROFIT",{"$nulls":7},{"v":0.25,"d":"25.00%"},{"$f":"R7*Q10","v":{"v":193239.9598530963,"d":"$193,240"}}]
[{"$nulls":8},"BONDING",{"$nulls":7},{"v":0.02,"d":"2.00%"},{"$f":"SUM(R7:R10)*Q11","v":{"v":20617.912763969467,"d":"$20,618"}}]
[{"$nulls":8},"CONTINGENCY / WASTAGE ",{"$nulls":7},{"v":0.05,"d":"5.00%"},{"$f":"R7*Q12","v":{"v":38647.99197061927,"d":"$38,648"}}]
[{"$nulls":8},"PROPOSED PROJECT AMOUNT",{"$nulls":8},{"$f":"SUM(R7:R12)","v":{"v":1090161.542933062,"d":"$1,090,162"}}]
[{"$nulls":8},"TOTAL MANHOURS",{"$nulls":8},{"$f":"SUM(K22:K110)","v":{"v":5588.984743349858,"d":"5588.98"}}]
[null,"DATE",null,"PROJECT NAME","SCOPE OF WORK",{"$nulls":4},"PROJECT LOCATION"]
[]
[]
[null,"LINE\nNO.","DWG REF./\nCSI SEC.","ITEM DESCRIPTION","UNIT OF\nMEASURE","QUANTITY ","MATERIAL",null,null,"LABOR",{"$nulls":6},"LINE\nTOTAL","TRADE\nTOTAL W/ S.TAX, O&P"]
[{"$nulls":6},"UNIT PRICE","UNIT PRICE","TOTAL COST","UNIT LABOR HOUR","LABOR\nHOURS","CREW","LABOR RATE","LABOR RATE","UNIT PRICE","TOTAL COST"]
[null,{"$f":"IF(F20<>\"\",1+MAX($B$19:B19),\"\")","v":""}]
[null,{"$f":"IF(F21<>\"\",1+MAX($B$2:B20),\"\")","v":""},"DIV. 01","GENERAL REQUIREMENTS","SUBTOTAL MATERIAL",null,null,{"$f":"SUM(I22:I24)","v":0},{"$f":"F21*H21","v":{"v":0,"d":"$0.00"}},null,"SUBTOTAL LABOR",{"$nulls":3},{"$f":"SUM(P22:P24)","v":{"v":60000,"d":"$60,000"}},{"$f":"F21*O21","v":{"v":0,"d":"$0.00"}},{"$f":"SUM(Q22:Q24)","v":{"v":60000,"d":"$60,000"}},{"$f":"(Q21)+(H21*$Q$8)+(O21*$Q$9)+(Q21*$Q$10)+($Q$11*((Q21)+(H21*$Q$8)+(O21*$Q$9)+(Q21*$Q$10)))+(Q21*$Q$12)","v":{"v":85620,"d":"$85,620"}}]
[null,{"$f":"IF(F22<>\"\",1+MAX($B20:B$24),\"\")","v":""},{"$nulls":5},{"$f":"G22*$T$2","v":{"v":0,"d":"$0.00"}},{"v":0,"d":"$0.00"},null,{"$f":"F22*J22","v":{"v":0,"d":"0.00"}},null,null,{"$f":"M22*$U$2","v":{"v":0,"d":"$0.00"}},{"$f":"J22*N22","v":{"v":0,"d":"$0.00"}},{"v":0,"d":"$0.00"},{"$f":"I22+P22","v":{"v":0,"d":"$0.00"}}]
[null,{"$f":"IF(F23<>\"\",1+MAX($B$22:B22),\"\")","v":{"v":1,"d":"1 "}},null,"PERMITS, SITE SUPERVISION, FINAL CLEANUP & DUMPSTER","LS",1,null,{"$f":"G23*$T$2","v":{"v":0,"d":"$0.00"}},{"v":0,"d":"$0.00"},null,{"v":0,"d":"0.00"},null,null,{"$f":"M23*$U$2","v":{"v":0,"d":"$0.00"}},{"v":60000,"d":"$60,000.00"},{"$f":"F23*O23","v":{"v":60000,"d":"$60,000.00"}},{"$f":"I23+P23","v":{"v":60000,"d":"$60,000.00"}}]
[null,{"$f":"IF(F24<>\"\",1+MAX($B$22:B23),\"\")","v":""},{"$nulls":5},{"$f":"G24*$T$2","v":{"v":0,"d":"$0.00"}},{"$f":"F24*H24","v":{"v":0,"d":"$0.00"}},null,{"$f":"F24*J24","v":{"v":0,"d":"0.00"}},null,null,{"$f":"M24*$U$2","v":{"v":0,"d":"$0.00"}},{"$f":"J24*N24","v":{"v":0,"d":"$0.00"}},{"v":0,"d":"$0.00"},{"v":0,"d":"$0.00"}]
[null,{"$f":"IF(F25<>\"\",1+MAX($B$22:B24),\"\")","v":""},"DIV. 03","CONCRETE","SUBTOTAL MATERIAL",null,null,{"$f":"SUM(I26:I110)","v":{"v":336003.8668865801,"d":"$336,004"}},{"$f":"F25*H25","v":{"v":0,"d":"$0.00"}},null,"SUBTOTAL LABOR",{"$nulls":3},{"$f":"SUM(P26:P110)","v":{"v":376955.9725258051,"d":"$376,956"}},{"$f":"F25*O25","v":{"v":0,"d":"$0.00"}},{"$f":"SUM(Q26:Q110)","v":{"v":712959.8394123852,"d":"$712,960"}},{"$f":"(Q25)+(H25*$Q$8)+(O25*$Q$9)+(Q25*$Q$10)+($Q$11*((Q25)+(H25*$Q$8)+(O25*$Q$9)+(Q25*$Q$10)))+(Q25*$Q$12)","v":{"v":1004541.5429330622,"d":"$1,004,542"}}]
[null,{"$f":"IF(F26<>\"\",1+MAX($B$22:B25),\"\")","v":""},{"$nulls":5},{"$f":"G26*$T$2","v":{"v":0,"d":"$0.00"}},{"v":0,"d":"$0.00"},null,{"$f":"F26*J26","v":{"v":0,"d":"0.00"}},null,null,{"$f":"M26*$U$2","v":{"v":0,"d":"$0.00"}},{"$f":"J26*N26","v":{"v":0,"d":"$0.00"}},{"v":0,"d":"$0.00"},{"$f":"I26+P26","v":{"v":0,"d":"$0.00"}}]
[null,{"$f":"IF(F27<>\"\",1+MAX($B$22:B26),\"\")","v":""},null,"SLAB ON GRADE",{"$nulls":3},{"v":0,"d":"$0.00"},{"v":0,"d":"$0.00"},null,{"v":0,"d":"0.00"},null,null,{"v":0,"d":"$0.00"},{"v":0,"d":"$0.00"},{"v":0,"d":"$0.00"},{"v":0,"d":"$0.00"}]
[null,{"$f":"IF(F28<>\"\",1+MAX($B$22:B27),\"\")","v":{"v":2,"d":"2 "}},"S100, S200","4\" THK. NORMAL WEIGHT CONCRETE SLAB ON GRADE OVER 10 MIL POLYETHYLENE VAPOR BARRIER, REINFORCED W/ 6x6 W2.9xW2.9 W.W.F. AT MID DEPTH","SF",{"v":562.57,"d":"563"},{"v":2.09013,"d":"$2.09"},{"v":1.881117,"d":"$1.88"},{"v":1058.25999069,"d":"$1,058.26"},{"v":0.067744,"d":"0.068"},{"v":38.11074208,"d":"38.11"},"C14G",{"v":47.35,"d":"$47.35"},{"v":63.449000000000005,"d":"$63.45"},{"v":4.298289056000001,"d":"$4.30"},{"v":2418.088474233921,"d":"$2,418.09"},{"v":3476.348464923921,"d":"$3,476.35"}]
[null,{"$f":"IF(F29<>\"\",1+MAX($B$22:B28),\"\")","v":{"v":3,"d":"3 "}},null,"12\" THK.  SLAB ON GRADE  W/ #4 BARS @ 12\" O.C. EACHWAY","SF",{"v":38.46,"d":"38"},{"v":5.83222,"d":"$5.83"},{"v":5.248998,"d":"$5.25"},{"v":201.87646308,"d":"$201.88"},{"v":0.07611100000000001,"d":"0.076"},{"v":2.9272290600000006,"d":"2.93"},"C14G",{"v":47.35,"d":"$47.35"},{"v":63.449000000000005,"d":"$63.45"},{"v":4.829166839000001,"d":"$4.83"},{"v":185.72975662794005,"d":"$185.73"},{"v":387.60621970794006,"d":"$387.61"}]
[null,{"$f":"IF(F30<>\"\",1+MAX($B$22:B29),\"\")","v":{"v":4,"d":"4 "}},null,"28\" MAT SLAB REINFORCEMENT W/ #5 @12\" TOP & BOTTOM INNER AND OUTER LAYER","SF",{"v":11748.75,"d":"11749"},{"v":12.84498,"d":"$12.84"},{"$f":"G30*$T$2","v":{"v":11.560482,"d":"$11.56"}},{"$f":"F30*H30","v":{"v":135821.2128975,"d":"$135,821.21"}},{"v":0.16964500000000002,"d":"0.170"},{"$f":"F30*J30","v":{"v":1993.1166937500002,"d":"1993.12"}},"C14G",{"v":47.35,"d":"$47.35"},{"$f":"M30*$U$2","v":{"v":63.449000000000005,"d":"$63.45"}},{"v":10.763805605000002,"d":"$10.76"},{"v":126461.26110174377,"d":"$126,461.26"},{"v":262282.47399924375,"d":"$262,282.47"}]
[null,{"$f":"IF(F31<>\"\",1+MAX($B$22:B30),\"\")","v":{"v":5,"d":"5 "}},null,"12\" THK. ELEVATOR MAT SLAB REINFORCEMENT W/ #5 @12\" O.C. TOP & BOTTOM INNER LAYER","SF",{"v":89.9,"d":"90"},{"v":5.83222,"d":"$5.83"},{"v":5.248998,"d":"$5.25"},{"v":471.88492020000007,"d":"$471.88"},{"v":0.07611100000000001,"d":"0.076"},{"v":6.842378900000002,"d":"6.84"},"C14G",{"v":47.35,"d":"$47.35"},{"v":63.449000000000005,"d":"$63.45"},{"v":4.829166839000001,"d":"$4.83"},{"v":434.1420988261001,"d":"$434.14"},{"v":906.0270190261001,"d":"$906.03"}]
[null,{"$f":"IF(F32<>\"\",1+MAX($B$22:B31),\"\")","v":{"v":6,"d":"6 "}},null,"8\" THK. ELEVATOR PIT SLAB REINFORCEMENT W/ #5 @12\" O.C. TOP & BOTTOM INNER LAYER","SF",{"$f":"2*2","v":4},{"v":4.0437899999999996,"d":"$4.04"},{"v":3.6394109999999995,"d":"$3.64"},{"v":14.557643999999998,"d":"$14.56"},{"v":0.07427700000000001,"d":"0.074"},{"v":0.29710800000000004,"d":"0.30"},"C14G",{"v":47.35,"d":"$47.35"},{"v":63.449000000000005,"d":"$63.45"},{"v":4.712801373000001,"d":"$4.71"},{"v":18.851205492000005,"d":"$18.85"},{"v":33.408849492,"d":"$33.41"}]
[null,{"$f":"IF(F33<>\"\",1+MAX($B$22:B32),\"\")","v":""},{"$nulls":5},{"v":0,"d":"$0.00"},{"v":0,"d":"$0.00"},null,{"v":0,"d":"0.00"},null,null,{"v":0,"d":"$0.00"},{"v":0,"d":"$0.00"},{"v":0,"d":"$0.00"},{"v":0,"d":"$0.00"}]
[null,{"$f":"IF(F34<>\"\",1+MAX($B$22:B33),\"\")","v":""},null,"CONTROL JOINTS",{"$nulls":3},{"v":0,"d":"$0.00"},{"v":0,"d":"$0.00"},null,{"v":0,"d":"0.00"},null,null,{"v":0,"d":"$0.00"},{"v":0,"d":"$0.00"},{"v":0,"d":"$0.00"},{"v":0,"d":"$0.00"}]
[null,{"$f":"IF(F35<>\"\",1+MAX($B$22:B34),\"\")","v":{"v":7,"d":"7 "}},"S200","CONTROL JOINTS AT SLAB ON GRADE","LF",57,{"v":0.94,"d":"$0.94"},{"v":0.846,"d":"$0.85"},{"v":48.222,"d":"$48.22"},{"v":0.04,"d":"0.040"},{"v":2.2800000000000002,"d":"2.28"},"1 CARP",{"v":53.15,"d":"$53.15"},{"v":71.221,"d":"$71.22"},{"v":2.84884,"d":"$2.85"},{"v":162.38388,"d":"$162.38"},{"v":210.60588,"d":"$210.61"}]
[null,{"$f":"IF(F36<>\"\",1+MAX($B$22:B35),\"\")","v":""},{"$nulls":5},{"v":0,"d":"$0.00"},{"v":0,"d":"$0.00"},null,{"v":0,"d":"0.00"},null,null,{"v":0,"d":"$0.00"},{"v":0,"d":"$0.00"},{"v":0,"d":"$0.00"},{"v":0,"d":"$0.00"}]
[null,{"$f":"IF(F37<>\"\",1+MAX($B$22:B36),\"\")","v":""},null,"GYPCRETE TOPPING",{"$nulls":3},{"v":0,"d":"$0.00"},{"v":0,"d":"$0.00"},null,{"v":0,"d":"0.00"},null,null,{"v":0,"d":"$0.00"},{"v":0,"d":"$0.00"},{"v":0,"d":"$0.00"},{"v":0,"d":"$0.00"}]
[null,{"$f":"IF(F38<>\"\",1+MAX($B$22:B37),\"\")","v":{"v":8,"d":"8 "}},"A102, A105","3/4\" GYPCRETE UNDERLAYMENT","SF",{"v":38949.27,"d":"38949"},{"v":1.12,"d":"$1.12"},{"$f":"G38*$T$2","v":{"v":1.0080000000000002,"d":"$1.01"}},{"$f":"F38*H38","v":{"v":39260.864160000005,"d":"$39,260.86"}},{"v":0.02,"d":"0.020"},{"$f":"F38*J38","v":{"v":778.9853999999999,"d":"778.99"}},"C14B",{"v":54.87,"d":"$54.87"},{"v":73.5258,"d":"$73.53"},{"v":1.4705160000000002,"d":"$1.47"},{"v":57275.52472332,"d":"$57,275.52"},{"v":96536.38888332,"d":"$96,536.39"}]
[null,{"$f":"IF(F39<>\"\",1+MAX($B$22:B38),\"\")","v":{"v":9,"d":"9 "}},null,"1\" GYPCRETE UNDERLAYMENT","SF",{"v":5558.33,"d":"5558"},{"v":1.45,"d":"$1.45"},{"v":1.305,"d":"$1.31"},{"v":7253.62065,"d":"$7,253.62"},{"v":0.02,"d":"0.020"},{"v":111.1666,"d":"111.17"},"C14B",{"v":54.87,"d":"$54.87"},{"v":73.5258,"d":"$73.53"},{"v":1.4705160000000002,"d":"$1.47"},{"v":8173.613198280001,"d":"$8,173.61"},{"v":15427.23384828,"d":"$15,427.23"}]
[null,{"$f":"IF(F40<>\"\",1+MAX($B$22:B39),\"\")","v":{"v":10,"d":"10 "}},null,"6'-4\"W x 1'-0\"D x 7\"H CONCRETE TOPPING AT METAL STAIRS\nSTEPS: 8","SF",{"$f":"8*(6.33*1)","v":{"v":50.64,"d":"51"}},{"v":4.08,"d":"$4.08"},{"v":3.672,"d":"$3.67"},{"v":185.95008,"d":"$185.95"},0.186,{"v":9.41904,"d":"9.42"},"C14B",{"v":54.87,"d":"$54.87"},{"v":73.5258,"d":"$73.53"},{"v":13.6757988,"d":"$13.68"},{"v":692.5424512320001,"d":"$692.54"},{"v":878.4925312320001,"d":"$878.49"}]
[null,{"$f":"IF(F41<>\"\",1+MAX($B$22:B40),\"\")","v":""},{"$nulls":5},{"v":0,"d":"$0.00"},{"v":0,"d":"$0.00"},null,{"v":0,"d":"0.00"},null,null,{"v":0,"d":"$0.00"},{"v":0,"d":"$0.00"},{"v":0,"d":"$0.00"},{"v":0,"d":"$0.00"}]
[null,{"$f":"IF(F42<>\"\",1+MAX($B$22:B41),\"\")","v":""},null,"THICKENED EDGE",{"$nulls":3},{"v":0,"d":"$0.00"},{"v":0,"d":"$0.00"},null,{"v":0,"d":"0.00"},null,null,{"v":0,"d":"$0.00"},{"v":0,"d":"$0.00"},{"v":0,"d":"$0.00"},{"v":0,"d":"$0.00"}]
[null,{"$f":"IF(F43<>\"\",1+MAX($B$22:B42),\"\")","v":{"v":11,"d":"11 "}},"S100","CONCRETE THICKENED EDGE W/ #4 BARS @ 12\" O.C.","CY",{"$f":"(7*3.7)/27","v":{"v":0.9592592592592594,"d":"1.0"}},{"v":273.11,"d":"$273.11"},{"v":245.799,"d":"$245.80"},{"v":235.7849666666667,"d":"$235.78"},{"v":5.254495159059477,"d":"5.254"},{"v":5.040423134060759,"d":"5.04"},"C14C",{"v":50.61,"d":"$50.61"},{"v":67.8174,"d":"$67.82"},{"v":356.34620000000024,"d":"$356.35"},{"v":341.82839185185213,"d":"$341.83"},{"v":577.6133585185188,"d":"$577.61"}]
[null,{"$f":"IF(F44<>\"\",1+MAX($B$22:B43),\"\")","v":""},{"$nulls":5},{"v":0,"d":"$0.00"},{"v":0,"d":"$0.00"},null,{"v":0,"d":"0.00"},null,null,{"v":0,"d":"$0.00"},{"v":0,"d":"$0.00"},{"v":0,"d":"$0.00"},{"v":0,"d":"$0.00"}]
[null,{"$f":"IF(F45<>\"\",1+MAX($B$22:B44),\"\")","v":""},null,"SLAB EDGE",{"$nulls":3},{"v":0,"d":"$0.00"},{"v":0,"d":"$0.00"},null,{"v":0,"d":"0.00"},null,null,{"v":0,"d":"$0.00"},{"v":0,"d":"$0.00"},{"v":0,"d":"$0.00"},{"v":0,"d":"$0.00"}]
[null,{"$f":"IF(F46<>\"\",1+MAX($B$22:B45),\"\")","v":{"v":12,"d":"12 "}},"S100","11\" x 1'-8\"H THICKENED EDGE CONCRETE SLAB W/ #5 BARS @ 12\" O.C. EACHWAY","CY",{"$f":"(8*0.92*1.67)/27","v":{"v":0.45522962962962965,"d":"0.5"}},{"v":273.11,"d":"$273.11"},{"v":245.799,"d":"$245.80"},{"v":111.89498773333334,"d":"$111.89"},{"v":5.254495159059477,"d":"5.254"},{"v":2.3920018851493277,"d":"2.39"},"C14C",{"v":50.61,"d":"$50.61"},{"v":67.8174,"d":"$67.82"},{"v":356.34620000000024,"d":"$356.35"},{"v":162.21934864592603,"d":"$162.22"},{"v":274.1143363792594,"d":"$274.11"}]
[null,{"$f":"IF(F47<>\"\",1+MAX($B$22:B46),\"\")","v":""},{"$nulls":5},{"v":0,"d":"$0.00"},{"v":0,"d":"$0.00"},null,{"v":0,"d":"0.00"},null,null,{"v":0,"d":"$0.00"},{"v":0,"d":"$0.00"},{"v":0,"d":"$0.00"},{"v":0,"d":"$0.00"}]
[null,{"$f":"IF(F48<>\"\",1+MAX($B$22:B47),\"\")","v":""},null,"WALL FOOTINGS",{"$nulls":3},{"v":0,"d":"$0.00"},{"v":0,"d":"$0.00"},null,{"v":0,"d":"0.00"},null,null,{"v":0,"d":"$0.00"},{"v":0,"d":"$0.00"},{"v":0,"d":"$0.00"},{"v":0,"d":"$0.00"}]
[null,{"$f":"IF(F49<>\"\",1+MAX($B$22:B48),\"\")","v":{"v":13,"d":"13 "}},"S100","2'-0\"W x 1'-0\" CONTINUOUS FOOTING W/\n- 2 #5 BARS CONTINUOUS BARS","CY",{"$f":"(46.5*2*1)/27","v":{"v":3.4444444444444446,"d":"3.4"}},{"v":273.11,"d":"$273.11"},{"v":245.799,"d":"$245.80"},{"v":846.6410000000001,"d":"$846.64"},{"v":5.254495159059477,"d":"5.254"},{"v":18.098816658982646,"d":"18.10"},"C14C",{"v":50.61,"d":"$50.61"},{"v":67.8174,"d":"$67.82"},{"v":356.34620000000024,"d":"$356.35"},{"v":1227.4146888888897,"d":"$1,227.41"},{"v":2074.0556888888896,"d":"$2,074.06"}]
[null,{"$f":"IF(F50<>\"\",1+MAX($B$22:B49),\"\")","v":""},{"$nulls":5},{"v":0,"d":"$0.00"},{"v":0,"d":"$0.00"},null,{"v":0,"d":"0.00"},null,null,{"v":0,"d":"$0.00"},{"v":0,"d":"$0.00"},{"v":0,"d":"$0.00"},{"v":0,"d":"$0.00"}]
[null,{"$f":"IF(F51<>\"\",1+MAX($B$22:B50),\"\")","v":""},null,"FOUNDATION WALL",{"$nulls":3},{"v":0,"d":"$0.00"},{"v":0,"d":"$0.00"},null,{"v":0,"d":"0.00"},null,null,{"v":0,"d":"$0.00"},{"v":0,"d":"$0.00"},{"v":0,"d":"$0.00"},{"v":0,"d":"$0.00"}]
[null,{"$f":"IF(F52<>\"\",1+MAX($B$22:B51),\"\")","v":{"v":14,"d":"14 "}},"S100","8\" THK. CONCRETE WALL & CURB @ 5'-6\" HT W/ \n- #4 BARS @ 12\" O.C. HORIZONTALLY AND VERTICALLY\n-  #4 DOWELS @ 12\" O.C.\n- 2x4 CONTINUOUS KEYWAY W/ WATERSTOP","CY",{"$f":"((17*0.67*4.5)+(16*0.67*5.83))/27+(8*4.5*0.67+6.5*5.33*0.67)/27+(4273/27)","v":{"v":164.2253611111111,"d":"164.2"}},{"v":322.446,"d":"$322.45"},{"v":290.20140000000004,"d":"$290.20"},{"v":47658.42970995,"d":"$47,658.43"},{"v":4.600589,"d":"4.601"},{"v":755.5333898488057,"d":"755.53"},"C14D",{"v":54.81,"d":"$54.81"},{"v":73.4454,"d":"$73.45"},{"v":337.89209934060005,"d":"$337.89"},{"v":55490.452030801476,"d":"$55,490.45"},{"v":103148.88174075147,"d":"$103,148.88"}]
[null,{"$f":"IF(F53<>\"\",1+MAX($B$22:B52),\"\")","v":{"v":15,"d":"15 "}},null,"8\" THK. CONCRETE WALL \n- #4 HORIZONTAL BARS @ 12\" O.C. \n- #5 VERTICAL BARS @ 12\" O.C. \n-  #5 DOWELS @ 12\" O.C.\n- 2x4 CONTINUOUS KEYWAY W/ WATERSTOP","CY",{"$f":"1060/27","v":{"v":39.25925925925926,"d":"39.3"}},{"v":322.446,"d":"$322.45"},{"v":290.20140000000004,"d":"$290.20"},{"v":11393.092,"d":"$11,393.09"},{"v":4.600589,"d":"4.601"},{"v":180.6157162962963,"d":"180.62"},"C14D",{"v":54.81,"d":"$54.81"},{"v":73.4454,"d":"$73.45"},{"v":337.89209934060005,"d":"$337.89"},{"v":13265.393529668003,"d":"$13,265.39"},{"v":24658.485529668003,"d":"$24,658.49"}]
[null,{"$f":"IF(F54<>\"\",1+MAX($B$22:B53),\"\")","v":""},{"$nulls":5},{"v":0,"d":"$0.00"},{"v":0,"d":"$0.00"},null,{"v":0,"d":"0.00"},null,null,{"v":0,"d":"$0.00"},{"v":0,"d":"$0.00"},{"v":0,"d":"$0.00"},{"v":0,"d":"$0.00"}]
[null,{"$f":"IF(F55<>\"\",1+MAX($B$22:B54),\"\")","v":""},null,"STEM WALL",{"$nulls":3},{"v":0,"d":"$0.00"},{"v":0,"d":"$0.00"},null,{"v":0,"d":"0.00"},null,null,{"v":0,"d":"$0.00"},{"v":0,"d":"$0.00"},{"v":0,"d":"$0.00"},{"v":0,"d":"$0.00"}]
[null,{"$f":"IF(F56<>\"\",1+MAX($B$22:B55),\"\")","v":{"v":16,"d":"16 "}},"S100","12\"W x 2'-8\"H CONCRETE STEM WALL \n-  #4 BARS @ 12\" O.C. EACHWAY\n- 2x4 CONTINUOUS KEYWAY W/ WATERSTOP","CY",{"$f":"(32*1*2.67)/27","v":{"v":3.1644444444444444,"d":"3.2"}},{"v":322.446,"d":"$322.45"},{"v":290.20140000000004,"d":"$290.20"},{"v":918.3262080000001,"d":"$918.33"},{"v":4.600589,"d":"4.601"},{"v":14.558308302222223,"d":"14.56"},"C14D",{"v":54.81,"d":"$54.81"},{"v":73.4454,"d":"$73.45"},{"v":337.89209934060005,"d":"$337.89"},{"v":1069.2407765800322,"d":"$1,069.24"},{"v":1987.566984580032,"d":"$1,987.57"}]
[null,{"$f":"IF(F57<>\"\",1+MAX($B$22:B56),\"\")","v":""},{"$nulls":5},{"v":0,"d":"$0.00"},{"v":0,"d":"$0.00"},null,{"v":0,"d":"0.00"},null,null,{"v":0,"d":"$0.00"},{"v":0,"d":"$0.00"},{"v":0,"d":"$0.00"},{"v":0,"d":"$0.00"}]
[null,{"$f":"IF(F58<>\"\",1+MAX($B$22:B57),\"\")","v":""},null,"CONCRETE BEAM OVER OPENING",{"$nulls":3},{"v":0,"d":"$0.00"},{"v":0,"d":"$0.00"},null,{"v":0,"d":"0.00"},null,null,{"v":0,"d":"$0.00"},{"v":0,"d":"$0.00"},{"v":0,"d":"$0.00"},{"v":0,"d":"$0.00"}]
[null,{"$f":"IF(F59<>\"\",1+MAX($B$22:B58),\"\")","v":{"v":17,"d":"17 "}},"S100","8\" x 1'-8\"H CONCRETE BEAM W/\n- (2) #4 TOP BARS\n- (2) #6 BOTTOM BARS\n- #3 STIRRUPS @ 6\" O.C.","CY",{"$f":"(87*0.67*1.67)/27","v":{"v":3.6053444444444445,"d":"3.6"}},{"v":308.35,"d":"$308.35"},{"v":277.51500000000004,"d":"$277.52"},{"v":1000.5371635000001,"d":"$1,000.54"},{"v":8.606045,"d":"8.606"},{"v":31.02775652938889,"d":"31.03"},"C14H",{"v":52.21,"d":"$52.21"},{"v":69.96140000000001,"d":"$69.96"},{"v":602.090956663,"d":"$602.09"},{"v":2170.745285655188,"d":"$2,170.75"},{"v":3171.2824491551883,"d":"$3,171.28"}]
[null,{"$f":"IF(F60<>\"\",1+MAX($B$22:B59),\"\")","v":{"v":18,"d":"18 "}},null,"8\" x 1'-5\"H CONCRETE BEAM W/\n- (2) #4 TOP BARS\n- (2) #6 BOTTOM BARS\n- #3 STIRRUPS @ 6\" O.C.","CY",{"$f":"(90*0.67*1.42)/27","v":{"v":3.1713333333333336,"d":"3.2"}},{"v":308.35,"d":"$308.35"},{"v":277.51500000000004,"d":"$277.52"},{"v":880.0925700000003,"d":"$880.09"},{"v":8.606045,"d":"8.606"},{"v":27.29263737666667,"d":"27.29"},"C14H",{"v":52.21,"d":"$52.21"},{"v":69.96140000000001,"d":"$69.96"},{"v":602.090956663,"d":"$602.09"},{"v":1909.4311205639276,"d":"$1,909.43"},{"v":2789.5236905639276,"d":"$2,789.52"}]
[null,{"$f":"IF(F61<>\"\",1+MAX($B$22:B60),\"\")","v":""},{"$nulls":5},{"v":0,"d":"$0.00"},{"v":0,"d":"$0.00"},null,{"v":0,"d":"0.00"},null,null,{"v":0,"d":"$0.00"},{"v":0,"d":"$0.00"},{"v":0,"d":"$0.00"},{"v":0,"d":"$0.00"}]
[null,{"$f":"IF(F62<>\"\",1+MAX($B$22:B61),\"\")","v":""},null,"PIERS FOOTINGS",{"$nulls":3},{"v":0,"d":"$0.00"},{"v":0,"d":"$0.00"},null,{"v":0,"d":"0.00"},null,null,{"v":0,"d":"$0.00"},{"v":0,"d":"$0.00"},{"v":0,"d":"$0.00"},{"v":0,"d":"$0.00"}]
[null,{"$f":"IF(F63<>\"\",1+MAX($B$22:B62),\"\")","v":{"v":19,"d":"19 "}},"S100","F3.0: 3'-0\" x 3'-0\" x 1'-0\"D ISOLATED FOOTING W/\n- (4) #4 BARS EACHWAY","CY",{"$f":"(3*3*1*2)/27","v":{"v":0.6666666666666666,"d":"0.7"}},{"v":268.01782000000003,"d":"$268.02"},{"v":241.21603800000003,"d":"$241.22"},{"v":160.81069200000002,"d":"$160.81"},{"v":5.882555,"d":"5.883"},{"v":3.9217033333333333,"d":"3.92"},"C14H",{"v":52.21,"d":"$52.21"},{"v":69.96140000000001,"d":"$69.96"},{"v":411.55178337700005,"d":"$411.55"},{"v":274.3678555846667,"d":"$274.37"},{"v":435.1785475846667,"d":"$435.18"}]
[null,{"$f":"IF(F64<>\"\",1+MAX($B$22:B63),\"\")","v":""},{"$nulls":5},{"v":0,"d":"$0.00"},{"v":0,"d":"$0.00"},null,{"v":0,"d":"0.00"},null,null,{"v":0,"d":"$0.00"},{"v":0,"d":"$0.00"},{"v":0,"d":"$0.00"},{"v":0,"d":"$0.00"}]
[null,{"$f":"IF(F65<>\"\",1+MAX($B$22:B64),\"\")","v":""},null,"CONCRETE PIERS",{"$nulls":3},{"v":0,"d":"$0.00"},{"v":0,"d":"$0.00"},null,{"v":0,"d":"0.00"},null,null,{"v":0,"d":"$0.00"},{"v":0,"d":"$0.00"},{"v":0,"d":"$0.00"},{"v":0,"d":"$0.00"}]
[null,{"$f":"IF(F66<>\"\",1+MAX($B$22:B65),\"\")","v":{"v":20,"d":"20 "}},"S100","P1: 12\"x12\" CONCRETE PIERS W/\n- (4) # VERTICAL BARS\n- #3 TIES @ 8\" O.C.","CY",{"$f":"(1*1*3*2)/27","v":{"v":0.2222222222222222,"d":"0.2"}},{"v":845.76,"d":"$845.76"},{"v":761.184,"d":"$761.18"},{"v":169.152,"d":"$169.15"},{"v":5.99718,"d":"5.997"},{"v":1.3327066666666667,"d":"1.33"},"C-14C",{"v":50.61,"d":"$50.61"},{"v":67.8174,"d":"$67.82"},{"v":406.71315493200007,"d":"$406.71"},{"v":90.38070109600001,"d":"$90.38"},{"v":259.532701096,"d":"$259.53"}]
[null,{"$f":"IF(F67<>\"\",1+MAX($B$22:B66),\"\")","v":""},{"$nulls":5},{"v":0,"d":"$0.00"},{"v":0,"d":"$0.00"},null,{"v":0,"d":"0.00"},null,null,{"v":0,"d":"$0.00"},{"v":0,"d":"$0.00"},{"v":0,"d":"$0.00"},{"v":0,"d":"$0.00"}]
[null,{"$f":"IF(F68<>\"\",1+MAX($B$22:B67),\"\")","v":""},null,"WIRE MESH",{"$nulls":3},{"v":0,"d":"$0.00"},{"v":0,"d":"$0.00"},null,{"v":0,"d":"0.00"},null,null,{"v":0,"d":"$0.00"},{"v":0,"d":"$0.00"},{"v":0,"d":"$0.00"},{"v":0,"d":"$0.00"}]
[null,{"$f":"IF(F69<>\"\",1+MAX($B$22:B68),\"\")","v":{"v":21,"d":"21 "}},"S100, S200"," 6x6 W2.9xW2.9 W.W.F. AT MID DEPTH ON SLAB","SF",563,{"v":0.5,"d":"$0.50"},{"v":0.45,"d":"$0.45"},{"v":253.35,"d":"$253.35"},0.004,{"v":2.2520000000000002,"d":"2.25"},"E-4",{"v":62.74,"d":"$62.74"},{"v":84.0716,"d":"$84.07"},{"v":0.33628640000000004,"d":"$0.34"},{"v":189.32924320000004,"d":"$189.33"},{"v":442.67924320000003,"d":"$442.68"}]
[null,{"$f":"IF(F70<>\"\",1+MAX($B$22:B69),\"\")","v":""},{"$nulls":5},{"v":0,"d":"$0.00"},{"v":0,"d":"$0.00"},null,{"v":0,"d":"0.00"},null,null,{"v":0,"d":"$0.00"},{"v":0,"d":"$0.00"},{"v":0,"d":"$0.00"},{"v":0,"d":"$0.00"}]
[null,{"$f":"IF(F71<>\"\",1+MAX($B$22:B70),\"\")","v":""},null,"REINFORCEMENT",{"$nulls":3},{"v":0,"d":"$0.00"},{"v":0,"d":"$0.00"},null,{"v":0,"d":"0.00"},null,null,{"v":0,"d":"$0.00"},{"v":0,"d":"$0.00"},{"v":0,"d":"$0.00"},{"v":0,"d":"$0.00"}]
[null,{"$f":"IF(F72<>\"\",1+MAX($B$22:B71),\"\")","v":{"v":22,"d":"22 "}},"S100","#5 BARS AT SLAB ON GRADE","LBS",{"$f":"23990*1.043*1.01","v":{"v":25271.7857,"d":"25272"}},{"v":0.8,"d":"$0.80"},{"v":0.7200000000000001,"d":"$0.72"},{"v":18195.685704000003,"d":"$18,195.69"},0.009,{"v":227.4460713,"d":"227.45"},"RI",{"v":39.12,"d":"$39.12"},{"v":52.4208,"d":"$52.42"},{"v":0.47178719999999996,"d":"$0.47"},{"v":11922.905014403039,"d":"$11,922.91"},{"v":30118.590718403044,"d":"$30,118.59"}]
[null,{"$f":"IF(F73<>\"\",1+MAX($B$22:B72),\"\")","v":{"v":23,"d":"23 "}},null,"#4 BARS AT SLAB ON GRADE","LBS",{"$f":"171*0.668*1.01","v":{"v":115.37028000000001,"d":"115"}},{"v":0.75,"d":"$0.75"},{"v":0.675,"d":"$0.68"},{"v":77.87493900000001,"d":"$77.87"},{"v":0.01,"d":"0.010"},{"v":1.1537028,"d":"1.15"},"RI",{"v":39.12,"d":"$39.12"},{"v":52.4208,"d":"$52.42"},{"v":0.524208,"d":"$0.52"},{"v":60.478023738240005,"d":"$60.48"},{"v":138.35296273824002,"d":"$138.35"}]
[null,{"$f":"IF(F74<>\"\",1+MAX($B$22:B73),\"\")","v":{"v":24,"d":"24 "}},null,"#4 BARS AT CONCRETE WALLS","LBS",{"$f":"13783*0.668*1.01","v":{"v":9299.11444,"d":"9299"}},{"v":0.75,"d":"$0.75"},{"v":0.675,"d":"$0.68"},{"v":6276.902247,"d":"$6,276.90"},{"v":0.01,"d":"0.010"},{"v":92.9911444,"d":"92.99"},"RI",{"v":39.12,"d":"$39.12"},{"v":52.4208,"d":"$52.42"},{"v":0.524208,"d":"$0.52"},{"v":4874.670182363519,"d":"$4,874.67"},{"v":11151.57242936352,"d":"$11,151.57"}]
[null,{"$f":"IF(F75<>\"\",1+MAX($B$22:B74),\"\")","v":{"v":25,"d":"25 "}},null,"#5 BARS AT CONCRETE WALLS","LBS",{"$f":"1943*1.043*1.01","v":{"v":2046.8144899999998,"d":"2047"}},{"v":0.8,"d":"$0.80"},{"v":0.7200000000000001,"d":"$0.72"},{"v":1473.7064328,"d":"$1,473.71"},0.009,{"v":18.421330409999996,"d":"18.42"},"RI",{"v":39.12,"d":"$39.12"},{"v":52.4208,"d":"$52.42"},{"v":0.47178719999999996,"d":"$0.47"},{"v":965.6608771565278,"d":"$965.66"},{"v":2439.3673099565276,"d":"$2,439.37"}]
[null,{"$f":"IF(F76<>\"\",1+MAX($B$22:B75),\"\")","v":{"v":26,"d":"26 "}},null,"#5 BARS AT CONTINUOUS FOOTING","LBS",{"$f":"93*1.043*1.01","v":{"v":97.96898999999999,"d":"98"}},{"v":0.8,"d":"$0.80"},{"v":0.7200000000000001,"d":"$0.72"},{"v":70.5376728,"d":"$70.54"},0.009,{"v":0.8817209099999999,"d":"0.88"},"RI",{"v":39.12,"d":"$39.12"},{"v":52.4208,"d":"$52.42"},{"v":0.47178719999999996,"d":"$0.47"},{"v":46.22051547892799,"d":"$46.22"},{"v":116.75818827892799,"d":"$116.76"}]
[null,{"$f":"IF(F77<>\"\",1+MAX($B$22:B76),\"\")","v":{"v":27,"d":"27 "}},null,"#4 BARS AT PIERS FOOTING","LBS",{"$f":"48*0.668*1.01","v":{"v":32.38464,"d":"32"}},{"v":0.75,"d":"$0.75"},{"v":0.675,"d":"$0.68"},{"v":21.859632,"d":"$21.86"},{"v":0.01,"d":"0.010"},{"v":0.3238464,"d":"0.32"},"RI",{"v":39.12,"d":"$39.12"},{"v":52.4208,"d":"$52.42"},{"v":0.524208,"d":"$0.52"},{"v":16.976287365119997,"d":"$16.98"},{"v":38.83591936512,"d":"$38.84"}]
[null,{"$f":"IF(F78<>\"\",1+MAX($B$22:B77),\"\")","v":{"v":28,"d":"28 "}},null,"#5 BARS AT CONCRETE PIERS ","LBS",{"$f":"64*1.043*1.01","v":{"v":67.41951999999999,"d":"67"}},{"v":0.8,"d":"$0.80"},{"v":0.7200000000000001,"d":"$0.72"},{"v":48.5420544,"d":"$48.54"},0.009,{"v":0.6067756799999999,"d":"0.61"},"RI",{"v":39.12,"d":"$39.12"},{"v":52.4208,"d":"$52.42"},{"v":0.47178719999999996,"d":"$0.47"},{"v":31.807666566143993,"d":"$31.81"},{"v":80.34972096614399,"d":"$80.35"}]
[null,{"$f":"IF(F79<>\"\",1+MAX($B$22:B78),\"\")","v":{"v":29,"d":"29 "}},null,"#3 TIES AT CONCRETE PIERS ","LBS",{"$f":"36*0.367*1.01","v":{"v":13.34412,"d":"13"}},{"v":0.87,"d":"$0.87"},{"v":0.783,"d":"$0.78"},{"v":10.44844596,"d":"$10.45"},0.011,{"v":0.14678532,"d":"0.15"},"RI",{"v":39.12,"d":"$39.12"},{"v":52.4208,"d":"$52.42"},{"v":0.5766287999999999,"d":"$0.58"},{"v":7.694603902656,"d":"$7.69"},{"v":18.143049862656,"d":"$18.14"}]
[null,{"$f":"IF(F80<>\"\",1+MAX($B$22:B79),\"\")","v":{"v":30,"d":"30 "}},null,"#4 BARS AT CONCRETE BEAM","LBS",{"$f":"354*0.668*1.01","v":{"v":238.83672,"d":"239"}},{"v":0.75,"d":"$0.75"},{"v":0.675,"d":"$0.68"},{"v":161.21478600000003,"d":"$161.21"},{"v":0.01,"d":"0.010"},{"v":2.3883672000000002,"d":"2.39"},"RI",{"v":39.12,"d":"$39.12"},{"v":52.4208,"d":"$52.42"},{"v":0.524208,"d":"$0.52"},{"v":125.20011931776001,"d":"$125.20"},{"v":286.41490531776003,"d":"$286.41"}]
[null,{"$f":"IF(F81<>\"\",1+MAX($B$22:B80),\"\")","v":{"v":31,"d":"31 "}},null,"#6 BARS AT CONCRETE BEAM","LBS",{"$f":"354*1.502*1.01","v":{"v":537.02508,"d":"537"}},{"v":0.67,"d":"$0.67"},{"v":0.6030000000000001,"d":"$0.60"},{"v":323.8261232400001,"d":"$323.83"},0.008,{"v":4.29620064,"d":"4.30"},"RI",{"v":39.12,"d":"$39.12"},{"v":52.4208,"d":"$52.42"},{"v":0.41936640000000003,"d":"$0.42"},{"v":225.21027450931203,"d":"$225.21"},{"v":549.0363977493121,"d":"$549.04"}]
[null,{"$f":"IF(F82<>\"\",1+MAX($B$22:B81),\"\")","v":{"v":32,"d":"32 "}},null,"#3 STIRRUPS AT CONCRETE BEAM","LBS",{"$f":"1446*0.367*1.01","v":{"v":535.98882,"d":"536"}},{"v":0.87,"d":"$0.87"},{"v":0.783,"d":"$0.78"},{"v":419.67924606,"d":"$419.68"},0.011,{"v":5.89587702,"d":"5.90"},"RI",{"v":39.12,"d":"$39.12"},{"v":52.4208,"d":"$52.42"},{"v":0.5766287999999999,"d":"$0.58"},{"v":309.066590090016,"d":"$309.07"},{"v":728.745836150016,"d":"$728.75"}]
[null,{"$f":"IF(F83<>\"\",1+MAX($B$22:B82),\"\")","v":""},{"$nulls":5},{"v":0,"d":"$0.00"},{"v":0,"d":"$0.00"},null,{"v":0,"d":"0.00"},null,null,{"v":0,"d":"$0.00"},{"v":0,"d":"$0.00"},{"v":0,"d":"$0.00"},{"v":0,"d":"$0.00"}]
[null,{"$f":"IF(F84<>\"\",1+MAX($B$22:B83),\"\")","v":""},null,"FORMWORK",{"$nulls":3},{"v":0,"d":"$0.00"},{"v":0,"d":"$0.00"},null,{"v":0,"d":"0.00"},null,null,{"v":0,"d":"$0.00"},{"v":0,"d":"$0.00"},{"v":0,"d":"$0.00"},{"v":0,"d":"$0.00"}]
[null,{"$f":"IF(F85<>\"\",1+MAX($B$22:B84),\"\")","v":{"v":33,"d":"33 "}},"S100, S200","FORMWORK REQUIRED","SF",12762,{"v":2,"d":"$2.00"},{"v":1.8,"d":"$1.80"},{"v":22971.600000000002,"d":"$22,971.60"},0.037,{"v":472.19399999999996,"d":"472.19"},"2 CARP",{"v":53.15,"d":"$53.15"},{"v":71.221,"d":"$71.22"},{"v":2.635177,"d":"$2.64"},{"v":33630.128874,"d":"$33,630.13"},{"v":56601.72887400001,"d":"$56,601.73"}]
[null,{"$f":"IF(F86<>\"\",1+MAX($B$22:B85),\"\")","v":""},{"$nulls":5},{"v":0,"d":"$0.00"},{"v":0,"d":"$0.00"},null,{"v":0,"d":"0.00"},null,null,{"v":0,"d":"$0.00"},{"v":0,"d":"$0.00"},{"v":0,"d":"$0.00"},{"v":0,"d":"$0.00"}]
[null,{"$f":"IF(F87<>\"\",1+MAX($B$22:B86),\"\")","v":""},null,"INSULATION",{"$nulls":3},{"v":0,"d":"$0.00"},{"v":0,"d":"$0.00"},null,{"v":0,"d":"0.00"},null,null,{"v":0,"d":"$0.00"},{"v":0,"d":"$0.00"},{"v":0,"d":"$0.00"},{"v":0,"d":"$0.00"}]
[null,{"$f":"IF(F88<>\"\",1+MAX($B$22:B87),\"\")","v":{"v":34,"d":"34 "}},"S100, S200","2\" XPS RIGID R-10 INSULATION AT CONCRETE WALLS","SF",5595,{"v":1.43,"d":"$1.43"},{"v":1.287,"d":"$1.29"},{"v":7200.764999999999,"d":"$7,200.77"},0.017,{"v":95.11500000000001,"d":"95.12"},"1 ROFC",{"v":46.2,"d":"$46.20"},{"v":61.90800000000001,"d":"$61.91"},{"v":1.0524360000000001,"d":"$1.05"},{"v":5888.379420000001,"d":"$5,888.38"},{"v":13089.14442,"d":"$13,089.14"}]
[null,{"$f":"IF(F89<>\"\",1+MAX($B$22:B88),\"\")","v":{"v":35,"d":"35 "}},null,"2\" R-10 RIGID INSULATION UNDER SLAB","SF",12440,{"v":1.43,"d":"$1.43"},{"v":1.287,"d":"$1.29"},{"$f":"F89*H89","v":{"v":16010.279999999999,"d":"$16,010.28"}},0.017,{"v":211.48000000000002,"d":"211.48"},"1 ROFC",{"v":46.2,"d":"$46.20"},{"v":61.90800000000001,"d":"$61.91"},{"v":1.0524360000000001,"d":"$1.05"},{"$f":"F89*O89","v":{"v":13092.303840000002,"d":"$13,092.30"}},{"v":29102.58384,"d":"$29,102.58"}]
[null,{"$f":"IF(F90<>\"\",1+MAX($B$22:B89),\"\")","v":""},{"$nulls":5},{"$f":"G90*$T$2","v":{"v":0,"d":"$0.00"}},{"$f":"F90*H90","v":{"v":0,"d":"$0.00"}},null,{"$f":"F90*J90","v":{"v":0,"d":"0.00"}},null,null,{"$f":"M90*$U$2","v":{"v":0,"d":"$0.00"}},{"$f":"J90*N90","v":{"v":0,"d":"$0.00"}},{"v":0,"d":"$0.00"},{"$f":"I90+P90","v":{"v":0,"d":"$0.00"}}]
[null,{"$f":"IF(F91<>\"\",1+MAX($B$22:B90),\"\")","v":""},null,"WATERPROOFING",{"$nulls":3},{"v":0,"d":"$0.00"},{"v":0,"d":"$0.00"},null,{"v":0,"d":"0.00"},null,null,{"v":0,"d":"$0.00"},{"v":0,"d":"$0.00"},{"v":0,"d":"$0.00"},{"v":0,"d":"$0.00"}]
[null,{"$f":"IF(F92<>\"\",1+MAX($B$22:B91),\"\")","v":{"v":36,"d":"36 "}},"S100","BITUMINOUS DAMPROOFING AT CONCRETE WALLS","SF",382,{"v":1.12,"d":"$1.12"},{"v":1.0080000000000002,"d":"$1.01"},{"v":385.0560000000001,"d":"$385.06"},0.024,{"v":9.168000000000001,"d":"9.17"},"2 ROFC",{"v":46.2,"d":"$46.20"},{"v":61.90800000000001,"d":"$61.91"},{"v":1.4857920000000002,"d":"$1.49"},{"v":567.5725440000001,"d":"$567.57"},{"v":952.6285440000001,"d":"$952.63"}]
[null,{"$f":"IF(F93<>\"\",1+MAX($B$22:B92),\"\")","v":{"v":37,"d":"37 "}},null,"AIRTIGHT WATERPROOFING AT CONCRETE WALLS","SF",4831,{"v":0.36,"d":"$0.36"},{"v":0.324,"d":"$0.32"},{"v":1565.2440000000001,"d":"$1,565.24"},0.005,{"v":24.155,"d":"24.16"},"2 ROFC",{"v":46.2,"d":"$46.20"},{"v":61.90800000000001,"d":"$61.91"},{"v":0.30954000000000004,"d":"$0.31"},{"v":1495.3877400000001,"d":"$1,495.39"},{"v":3060.6317400000003,"d":"$3,060.63"}]
[null,{"$f":"IF(F94<>\"\",1+MAX($B$22:B93),\"\")","v":""},{"$nulls":5},{"v":0,"d":"$0.00"},{"v":0,"d":"$0.00"},null,{"v":0,"d":"0.00"},null,null,{"v":0,"d":"$0.00"},{"v":0,"d":"$0.00"},{"v":0,"d":"$0.00"},{"v":0,"d":"$0.00"}]
[null,{"$f":"IF(F95<>\"\",1+MAX($B$22:B94),\"\")","v":""},null,"VAPOR BARRIER",{"$nulls":3},{"v":0,"d":"$0.00"},{"v":0,"d":"$0.00"},null,{"v":0,"d":"0.00"},null,null,{"v":0,"d":"$0.00"},{"v":0,"d":"$0.00"},{"v":0,"d":"$0.00"},{"v":0,"d":"$0.00"}]
[null,{"$f":"IF(F96<>\"\",1+MAX($B$22:B95),\"\")","v":{"v":38,"d":"38 "}},"S100, S200","15 MIL POLYETHYLENE VAPOR BARRIER TAPE JOINTS & PENETRATIONS UNDER SLAB","SF",12440,{"v":0.33,"d":"$0.33"},{"v":0.29700000000000004,"d":"$0.30"},{"v":3694.6800000000007,"d":"$3,694.68"},0.012,149.28,"2 CARP",{"v":53.15,"d":"$53.15"},{"v":71.221,"d":"$71.22"},{"v":0.8546520000000001,"d":"$0.85"},{"v":10631.87088,"d":"$10,631.87"},{"v":14326.55088,"d":"$14,326.55"}]
[null,{"$f":"IF(F97<>\"\",1+MAX($B$22:B96),\"\")","v":{"v":39,"d":"39 "}},null,"COMMERCIAL GRADE CONTINUOUS VAPOR PERMEABLE AIR BARRIER AT CONCRETE WALLS","SF",4831,{"v":0.33,"d":"$0.33"},{"v":0.29700000000000004,"d":"$0.30"},{"v":1434.8070000000002,"d":"$1,434.81"},0.012,{"v":57.972,"d":"57.97"},"2 CARP",{"v":53.15,"d":"$53.15"},{"v":71.221,"d":"$71.22"},{"v":0.8546520000000001,"d":"$0.85"},{"v":4128.8238120000005,"d":"$4,128.82"},{"v":5563.630812000001,"d":"$5,563.63"}]
[null,{"$f":"IF(F98<>\"\",1+MAX($B$22:B97),\"\")","v":""},{"$nulls":5},{"v":0,"d":"$0.00"},{"v":0,"d":"$0.00"},null,{"v":0,"d":"0.00"},null,null,{"v":0,"d":"$0.00"},{"v":0,"d":"$0.00"},{"v":0,"d":"$0.00"},{"v":0,"d":"$0.00"}]
[null,{"$f":"IF(F99<>\"\",1+MAX($B$22:B98),\"\")","v":""},null,"GRANITE CURB",{"$nulls":3},{"v":0,"d":"$0.00"},{"v":0,"d":"$0.00"},null,{"v":0,"d":"0.00"},null,null,{"v":0,"d":"$0.00"},{"v":0,"d":"$0.00"},{"v":0,"d":"$0.00"},{"v":0,"d":"$0.00"}]
[null,{"$f":"IF(F100<>\"\",1+MAX($B$22:B99),\"\")","v":{"v":40,"d":"40 "}},"C102, C501","VA-4 GRANITE CURB W/ 6\" REVEAL \n- HIGH EARLY STRENGTH CEMENT CONCRETE\n- PROP. SAWCUT SEAL W/ IR\n- PROP. BIT. CONC. TOP COURSE","LF",{"$f":"322+276","v":598},{"v":9.1,"d":"$9.10"},{"v":8.19,"d":"$8.19"},{"v":4897.62,"d":"$4,897.62"},0.231,{"v":138.138,"d":"138.14"},"D-13",{"v":59.25,"d":"$59.25"},{"v":79.39500000000001,"d":"$79.40"},{"v":18.340245000000003,"d":"$18.34"},{"v":10967.466510000002,"d":"$10,967.47"},{"v":15865.086510000001,"d":"$15,865.09"}]
[null,{"$f":"IF(F101<>\"\",1+MAX($B$22:B100),\"\")","v":""},{"$nulls":5},{"v":0,"d":"$0.00"},{"v":0,"d":"$0.00"},null,{"v":0,"d":"0.00"},null,null,{"v":0,"d":"$0.00"},{"v":0,"d":"$0.00"},{"v":0,"d":"$0.00"},{"v":0,"d":"$0.00"}]
[null,{"$f":"IF(F102<>\"\",1+MAX($B$22:B101),\"\")","v":""},null,"SIDEWALK",{"$nulls":3},{"v":0,"d":"$0.00"},{"v":0,"d":"$0.00"},null,{"v":0,"d":"0.00"},null,null,{"v":0,"d":"$0.00"},{"v":0,"d":"$0.00"},{"v":0,"d":"$0.00"},{"v":0,"d":"$0.00"}]
[null,{"$f":"IF(F103<>\"\",1+MAX($B$22:B102),\"\")","v":{"v":41,"d":"41 "}},"C102, C501","4\" CONCRETE CEMENT CONCRETE SIDEWALK W/ BROOM FINISH \n- 6\" CRUSHED STONE BASE OVER COMPACTED SUBGRADE\n- PROVIDE 1/2\" CONSTRUCTION CONTROL JOINTS \n- PRVIDE A TOOLED DUMMY JOINT 1/4\"Wx1/2\"D AS NEEDED TO PROVIDE SYMMETRY","SF",{"v":432.7,"d":"433"},{"v":2.9166666666666665,"d":"$2.92"},{"v":2.625,"d":"$2.63"},{"v":1135.8374999999999,"d":"$1,135.84"},0.097,{"v":41.9719,"d":"41.97"},"B-24",{"v":48.4,"d":"$48.40"},{"v":64.85600000000001,"d":"$64.86"},{"v":6.291032000000001,"d":"$6.29"},{"v":2722.1295464000004,"d":"$2,722.13"},{"v":3857.9670464,"d":"$3,857.97"}]
[null,{"$f":"IF(F104<>\"\",1+MAX($B$22:B103),\"\")","v":""},{"$nulls":5},{"v":0,"d":"$0.00"},{"v":0,"d":"$0.00"},null,{"v":0,"d":"0.00"},null,null,{"v":0,"d":"$0.00"},{"v":0,"d":"$0.00"},{"v":0,"d":"$0.00"},{"v":0,"d":"$0.00"}]
[null,{"$f":"IF(F105<>\"\",1+MAX($B$22:B104),\"\")","v":""},null,"POROUS CONCRETE",{"$nulls":3},{"v":0,"d":"$0.00"},{"v":0,"d":"$0.00"},null,{"v":0,"d":"0.00"},null,null,{"v":0,"d":"$0.00"},{"v":0,"d":"$0.00"},{"v":0,"d":"$0.00"},{"v":0,"d":"$0.00"}]
[null,{"$f":"IF(F106<>\"\",1+MAX($B$22:B105),\"\")","v":{"v":42,"d":"42 "}},"L1, L6","6\" STORMCRETE POROUS CONCRETE SIDEWALK BY POROUS TECHNOLOGIES 1.888.357.1161\n- 1/8\" OPEN JOINT WITH (2) HDPE TAPERED SPACERS PER JOINT\n- 2\" PERMEABLE BASE AGGREGARE: ASTM NO. 8 WASHED CRUSHED STONE SCREEDING COURSE\n- BIAXIAL GEOGRID-6\" BENEATH NO. 8 STONE AND AT BOTTOM OF TRENCH\n- 1'-10 1/2\" PERMEABLE BASE AGGRAGATE: ASTM NO. 57 WASHED CRUSHED STONE RESERVOIR COURSE\n- COMPACTED SUBGRADE","SF",432,{"v":4.05,"d":"$4.05"},{"v":3.645,"d":"$3.65"},{"v":1574.64,"d":"$1,574.64"},{"v":0.11,"d":"0.110"},47.52,"B-24",{"v":48.4,"d":"$48.40"},{"v":64.85600000000001,"d":"$64.86"},{"v":7.134160000000001,"d":"$7.13"},{"v":3081.9571200000005,"d":"$3,081.96"},{"v":4656.59712,"d":"$4,656.60"}]
[null,{"$f":"IF(F107<>\"\",1+MAX($B$22:B106),\"\")","v":""},{"$nulls":5},{"v":0,"d":"$0.00"},{"v":0,"d":"$0.00"},null,{"v":0,"d":"0.00"},null,null,{"v":0,"d":"$0.00"},{"v":0,"d":"$0.00"},{"v":0,"d":"$0.00"},{"v":0,"d":"$0.00"}]
[null,{"$f":"IF(F108<>\"\",1+MAX($B$22:B107),\"\")","v":""},null,"CURB",{"$nulls":3},{"v":0,"d":"$0.00"},{"v":0,"d":"$0.00"},null,{"v":0,"d":"0.00"},null,null,{"v":0,"d":"$0.00"},{"v":0,"d":"$0.00"},{"v":0,"d":"$0.00"},{"v":0,"d":"$0.00"}]
[null,{"$f":"IF(F109<>\"\",1+MAX($B$22:B108),\"\")","v":{"v":43,"d":"43 "}},"S100","5\"x12\" CONCRETE CURB/ SLAB EDGE","CY",{"$f":"(17*0.42*1)/27+(16*0.42*0.5)/27","v":{"v":0.38888888888888884,"d":"0.4"}},{"v":310,"d":"$310.00"},{"v":279,"d":"$279.00"},{"v":108.49999999999999,"d":"$108.50"},{"v":5.730092867022328,"d":"5.730"},{"v":2.2283694482864607,"d":"2.23"},"C14C",{"v":50.61,"d":"$50.61"},{"v":67.8174,"d":"$67.82"},{"v":388.6,"d":"$388.60"},{"v":151.1222222222222,"d":"$151.12"},{"v":259.6222222222222,"d":"$259.62"}]
[null,{"$f":"IF(F110<>\"\",1+MAX($B$22:B109),\"\")","v":""},{"$nulls":5},{"v":0,"d":"$0.00"},{"v":0,"d":"$0.00"},null,{"v":0,"d":"0.00"},null,null,{"v":0,"d":"$0.00"},{"v":0,"d":"$0.00"},{"v":0,"d":"$0.00"},{"v":0,"d":"$0.00"}]

{"sheet":"Site Work","index":2,"n_rows":204,"n_cols":21,"rows_kept":204,"merged":[[1,1,1,17],[2,1,2,7],[2,8,2,17],[3,1,3,7],[3,8,3,17],[4,8,4,15],[5,8,5,15],[6,8,6,15],[7,8,7,15],[8,8,8,15],[9,8,9,15],[10,8,10,15],[11,8,11,15],[12,8,12,15],[13,8,13,15],[14,1,14,2],[14,4,14,8],[14,9,14,17],[15,1,16,2],[15,3,16,3],[15,4,16,8],[15,9,16,17],[17,1,18,1],[17,2,18,2],[17,3,18,3],[17,4,18,4],[17,5,18,5],[17,6,17,8],[17,9,17,15],[17,16,18,16],[17,17,18,17],[20,4,20,6],[20,10,20,13],[24,4,24,6],[24,10,24,13],[30,2,41,2],[50,2,58,2],[94,2,105,2],[111,2,115,2],[118,2,122,2],[127,2,128,2],[138,4,138,6],[138,10,138,13],[141,2,148,2],[163,2,165,2],[173,2,179,2],[181,4,181,6],[181,10,181,13],[193,1,193,17],[194,1,195,1],[194,2,195,2],[194,3,195,3],[194,4,195,4],[194,5,195,5],[194,6,194,8],[194,9,194,15],[194,16,195,16],[194,17,195,17],[197,4,197,6],[197,10,197,13],[200,2,202,2]]}
[]
[null,"CONSTRUCTION COST ESTIMATE BREAKDOWN",{"$nulls":17},{"$f":"Concrete!T2","v":0.9},{"$f":"Concrete!U2","v":1.34}]
[null,"CONTRACTOR",{"$nulls":6},"ADDRESS"]
[]
[{"$nulls":8},"TOTAL MATERIAL COST",{"$nulls":8},{"$f":"SUM(I22:I192)","v":{"v":126072.81773123698,"d":"$126,073"}}]
[{"$nulls":8},"TOTAL LABOR COST",{"$nulls":8},{"$f":"SUM(P22:P192)","v":{"v":520130.3086721765,"d":"$520,130"}}]
[{"$nulls":8},"SUBTOTAL",{"$nulls":8},{"$f":"SUM(R5:R6)","v":{"v":646203.1264034135,"d":"$646,203"}}]
[{"$nulls":8},"SALES TAX",{"$nulls":7},{"v":0.0625,"d":"6.25%"},{"$f":"R5*Q8","v":{"v":7879.551108202311,"d":"$7,880"}}]
[{"$nulls":8},"LABOR BURDEN",{"$nulls":7},{"v":0.1,"d":"10.00%"},{"$f":"R6*Q9","v":{"v":52013.030867217654,"d":"$52,013"}}]
[{"$nulls":8},"OVERHEAD & PROFIT",{"$nulls":7},{"v":0.25,"d":"25.00%"},{"$f":"R7*Q10","v":{"v":161550.78160085337,"d":"$161,551"}}]
[{"$nulls":8},"BONDING",{"$nulls":7},{"v":0.02,"d":"2.00%"},{"$f":"SUM(R7:R10)*Q11","v":{"v":17352.929799593738,"d":"$17,353"}}]
[{"$nulls":8},"CONTINGENCY / WASTAGE ",{"$nulls":7},{"v":0.05,"d":"5.00%"},{"$f":"R7*Q12","v":{"v":32310.156320170674,"d":"$32,310"}}]
[{"$nulls":8},"PROPOSED PROJECT AMOUNT",{"$nulls":8},{"$f":"SUM(R7:R12)","v":{"v":917309.5760994514,"d":"$917,310"}}]
[{"$nulls":8},"TOTAL MANHOURS",{"$nulls":8},{"$f":"SUM(K22:K192)","v":{"v":7747.17219177609,"d":"7747.17"}}]
[null,"DATE",null,"PROJECT NAME","SCOPE OF WORK",{"$nulls":4},"PROJECT LOCATION"]
[]
[]
[null,"LINE\nNO.","DWG REF./\nCSI SEC.","ITEM DESCRIPTION","UNIT OF\nMEASURE","QUANTITY ","MATERIAL",null,null,"LABOR",{"$nulls":6},"LINE\nTOTAL","TRADE\nTOTAL W/ S.TAX, O&P"]
[{"$nulls":6},"UNIT PRICE","UNIT PRICE","TOTAL COST","UNIT LABOR HOUR","LABOR\nHOURS","CREW","LABOR RATE","LABOR RATE","UNIT PRICE","TOTAL COST"]
[null,{"$f":"IF(F20<>\"\",1+MAX($B$2:B19),\"\")","v":""}]
[null,{"$f":"IF(F21<>\"\",1+MAX($B$2:B20),\"\")","v":""},"DIV. 01","GENERAL REQUIREMENTS","SUBTOTAL MATERIAL",null,null,{"$f":"SUM(I22:I24)","v":0},{"$f":"F21*H21","v":{"v":0,"d":"$0.00"}},null,"SUBTOTAL LABOR",{"$nulls":3},{"$f":"SUM(P22:P24)","v":{"v":47500,"d":"$47,500"}},{"$f":"F21*O21","v":{"v":0,"d":"$0.00"}},{"$f":"SUM(Q22:Q24)","v":{"v":47500,"d":"$47,500"}},{"$f":"(Q21)+(H21*$Q$8)+(O21*$Q$9)+(Q21*$Q$10)+($Q$11*((Q21)+(H21*$Q$8)+(O21*$Q$9)+(Q21*$Q$10)))+(Q21*$Q$12)","v":{"v":67782.5,"d":"$67,783"}}]
[null,{"$f":"IF(F22<>\"\",1+MAX($B21:B$22),\"\")","v":""},{"$nulls":5},{"$f":"G22*$T$2","v":{"v":0,"d":"$0.00"}},{"v":0,"d":"$0.00"},null,{"$f":"F22*J22","v":{"v":0,"d":"0.00"}},null,null,{"$f":"M22*$U$2","v":{"v":0,"d":"$0.00"}},{"$f":"J22*N22","v":{"v":0,"d":"$0.00"}},{"$f":"F22*O22","v":{"v":0,"d":"$0.00"}},{"$f":"I22+P22","v":{"v":0,"d":"$0.00"}}]
[null,{"$f":"IF(F23<>\"\",1+MAX($B$22:B22),\"\")","v":{"v":1,"d":"1 "}},null,"PERMITS, SITE SUPERVISION, FINAL CLEANUP & DUMPSTER","LS",1,null,{"$f":"G23*$T$2","v":{"v":0,"d":"$0.00"}},{"$f":"F23*H23","v":{"v":0,"d":"$0.00"}},null,{"$f":"F23*J23","v":{"v":0,"d":"0.00"}},null,null,{"$f":"M23*$U$2","v":{"v":0,"d":"$0.00"}},{"v":47500,"d":"$47,500.00"},{"$f":"F23*O23","v":{"v":47500,"d":"$47,500.00"}},{"$f":"I23+P23","v":{"v":47500,"d":"$47,500.00"}}]
[null,{"$f":"IF(F24<>\"\",1+MAX($B$22:B23),\"\")","v":""},{"$nulls":5},{"v":0,"d":"$0.00"},{"v":0,"d":"$0.00"},null,{"v":0,"d":"0.00"},null,null,{"v":0,"d":"$0.00"},{"$f":"J24*N24","v":{"v":0,"d":"$0.00"}},{"v":0,"d":"$0.00"},{"v":0,"d":"$0.00"}]
[null,{"$f":"IF(F25<>\"\",1+MAX($B$22:B24),\"\")","v":""},"DIV. 32","EXTERIOR IMPROVEMENTS","SUBTOTAL MATERIAL",null,null,{"$f":"SUM(I26:I138)","v":{"v":103711.737231237,"d":"$103,712"}},{"v":0,"d":"$0.00"},null,"SUBTOTAL LABOR",{"$nulls":3},{"$f":"SUM(P26:P138)","v":{"v":443819.45950022864,"d":"$443,819"}},{"$f":"F25*O25","v":{"v":0,"d":"$0.00"}},{"$f":"SUM(Q26:Q138)","v":{"v":547531.1967314656,"d":"$547,531"}},{"$f":"(Q25)+(H25*$Q$8)+(O25*$Q$9)+(Q25*$Q$10)+($Q$11*((Q25)+(H25*$Q$8)+(O25*$Q$9)+(Q25*$Q$10)))+(Q25*$Q$12)","v":{"v":777360.0437867068,"d":"$777,360"}}]
[null,{"$f":"IF(F26<>\"\",1+MAX($B$22:B25),\"\")","v":""},{"$nulls":5},{"$f":"G26*$T$2","v":{"v":0,"d":"$0.00"}},{"$f":"F26*H26","v":{"v":0,"d":"$0.00"}},null,{"$f":"F26*J26","v":{"v":0,"d":"0.00"}},null,null,{"$f":"M26*$U$2","v":{"v":0,"d":"$0.00"}},{"$f":"J26*N26","v":{"v":0,"d":"$0.00"}},{"v":0,"d":"$0.00"},{"$f":"I26+P26","v":{"v":0,"d":"$0.00"}}]
[null,{"$f":"IF(F27<>\"\",1+MAX($B$22:B26),\"\")","v":""},null,"BUILDING STONE/GRAVEL",{"$nulls":3},{"v":0,"d":"$0.00"},{"v":0,"d":"$0.00"},null,{"v":0,"d":"0.00"},null,null,{"v":0,"d":"$0.00"},{"v":0,"d":"$0.00"},{"v":0,"d":"$0.00"},{"v":0,"d":"$0.00"}]
[null,{"$f":"IF(F28<>\"\",1+MAX($B$22:B27),\"\")","v":{"v":2,"d":"2 "}},"S102","12\" GRAVEL OR CRUSHED STONE UNDER SLAB ON GRADE OVER FILTER FABRIC","SF",12440,{"v":1.15,"d":"$1.15"},{"v":1.035,"d":"$1.04"},{"v":12875.4,"d":"$12,875.40"},0.022,273.68,"1 CLAB",{"v":42.1,"d":"$42.10"},{"$f":"M28*$U$2","v":{"v":56.41400000000001,"d":"$56.41"}},{"$f":"J28*N28","v":{"v":1.241108,"d":"$1.24"}},{"$f":"F28*O28","v":{"v":15439.383520000001,"d":"$15,439.38"}},{"$f":"I28+P28","v":{"v":28314.78352,"d":"$28,314.78"}}]
[null,{"$f":"IF(F29<>\"\",1+MAX($B$22:B28),\"\")","v":""},{"$nulls":5},{"v":0,"d":"$0.00"},{"v":0,"d":"$0.00"},null,{"v":0,"d":"0.00"},null,null,{"v":0,"d":"$0.00"},{"v":0,"d":"$0.00"},{"v":0,"d":"$0.00"},{"v":0,"d":"$0.00"}]
[null,{"$f":"IF(F30<>\"\",1+MAX($B$22:B29),\"\")","v":""},null,"DEMOLITION",{"$nulls":3},{"v":0,"d":"$0.00"},{"v":0,"d":"$0.00"},null,{"v":0,"d":"0.00"},null,null,{"v":0,"d":"$0.00"},{"v":0,"d":"$0.00"},{"v":0,"d":"$0.00"},{"v":0,"d":"$0.00"}]
[null,{"$f":"IF(F31<>\"\",1+MAX($B$22:B30),\"\")","v":{"v":3,"d":"3 "}},"C101","REMOVE EXISITNG CONCRETE CURB","LF",{"v":44.26,"d":"44"},null,{"v":0,"d":"$0.00"},{"v":0,"d":"$0.00"},0.185,{"v":8.1881,"d":"8.19"}," 1 CLAB",{"v":42.1,"d":"$42.10"},{"v":56.41400000000001,"d":"$56.41"},{"v":10.43659,"d":"$10.44"},{"v":461.92347340000003,"d":"$461.92"},{"v":461.92347340000003,"d":"$461.92"}]
[null,{"$f":"IF(F32<>\"\",1+MAX($B$22:B31),\"\")","v":{"v":4,"d":"4 "}},null,"REMOVE EXISITNG CONCRETE PORCH W/ ASSOCIATED ASSEMBLY","SF",137,null,{"v":0,"d":"$0.00"},{"v":0,"d":"$0.00"},0.025,{"v":3.4250000000000003,"d":"3.43"}," 1 CLAB",{"v":42.1,"d":"$42.10"},{"v":56.41400000000001,"d":"$56.41"},{"v":1.4103500000000002,"d":"$1.41"},{"v":193.21795000000003,"d":"$193.22"},{"v":193.21795000000003,"d":"$193.22"}]
[null,{"$f":"IF(F33<>\"\",1+MAX($B$22:B32),\"\")","v":{"v":5,"d":"5 "}},null,"REMOVE EXISTING CONCRETE LANDING","SF",{"v":118.23,"d":"118"},null,{"v":0,"d":"$0.00"},{"v":0,"d":"$0.00"},0.025,{"v":2.95575,"d":"2.96"}," 1 CLAB",{"v":42.1,"d":"$42.10"},{"v":56.41400000000001,"d":"$56.41"},{"v":1.4103500000000002,"d":"$1.41"},{"v":166.74568050000002,"d":"$166.75"},{"v":166.74568050000002,"d":"$166.75"}]
[null,{"$f":"IF(F34<>\"\",1+MAX($B$22:B33),\"\")","v":{"v":6,"d":"6 "}},null,"REMOVE EXISTING CONCRETE STEPS","EA",40,null,{"v":0,"d":"$0.00"},{"v":0,"d":"$0.00"},0.125,{"v":5,"d":"5.00"},"1 CLAB",{"v":42.1,"d":"$42.10"},{"v":56.41400000000001,"d":"$56.41"},{"v":7.051750000000001,"d":"$7.05"},{"v":282.07000000000005,"d":"$282.07"},{"v":282.07000000000005,"d":"$282.07"}]
[null,{"$f":"IF(F35<>\"\",1+MAX($B$22:B34),\"\")","v":{"v":7,"d":"7 "}},null,"REMOVE EXISTING EDGE OF BIT DRIVEWAY","SF",{"v":179.1,"d":"179"},null,{"v":0,"d":"$0.00"},{"v":0,"d":"$0.00"},0.025,{"v":4.4775,"d":"4.48"},"1 CLAB",{"v":42.1,"d":"$42.10"},{"v":56.41400000000001,"d":"$56.41"},{"v":1.4103500000000002,"d":"$1.41"},{"v":252.59368500000002,"d":"$252.59"},{"v":252.59368500000002,"d":"$252.59"}]
[null,{"$f":"IF(F36<>\"\",1+MAX($B$22:B35),\"\")","v":{"v":8,"d":"8 "}},null,"REMOVE EXISTING TREES","EA",2,null,{"v":0,"d":"$0.00"},{"v":0,"d":"$0.00"},2.425,4.85," 1 CLAB",{"v":42.1,"d":"$42.10"},{"v":56.41400000000001,"d":"$56.41"},{"v":136.80395000000001,"d":"$136.80"},{"v":273.60790000000003,"d":"$273.61"},{"v":273.60790000000003,"d":"$273.61"}]
[null,{"$f":"IF(F37<>\"\",1+MAX($B$22:B36),\"\")","v":{"v":9,"d":"9 "}},null,"REMOVE EXISTING 2-STORY WOOD DWELLING UNITS (4 LOC)","CF",{"$f":"945*22+561*22+732*22+587*22","v":62150},null,{"v":0,"d":"$0.00"},{"v":0,"d":"$0.00"},{"v":2E-3,"d":"0.002"},{"v":124.3,"d":"124.30"},"B-8",{"v":94.03,"d":"$94.03"},{"v":126.0002,"d":"$126.00"},{"v":0.2520004,"d":"$0.25"},{"v":15661.82486,"d":"$15,661.82"},{"v":15661.82486,"d":"$15,661.82"}]
[null,{"$f":"IF(F38<>\"\",1+MAX($B$22:B37),\"\")","v":{"v":10,"d":"10 "}},null,"REMOVE EXISTING SHED\nAREA: 145 SF","SF",{"$f":"145","v":145},null,{"v":0,"d":"$0.00"},{"v":0,"d":"$0.00"},3.625,{"v":525.625,"d":"525.63"},"1 CLAB",{"v":42.1,"d":"$42.10"},{"v":56.41400000000001,"d":"$56.41"},{"v":204.50075000000004,"d":"$204.50"},{"v":29652.608750000007,"d":"$29,652.61"},{"v":29652.608750000007,"d":"$29,652.61"}]
[null,{"$f":"IF(F39<>\"\",1+MAX($B$22:B38),\"\")","v":{"v":11,"d":"11 "}},null,"REMOVE EXISTING TRAILER (1 LOC)\nAREA: 225 SF","SF",225,null,{"v":0,"d":"$0.00"},{"v":0,"d":"$0.00"},5.625,{"v":1265.625,"d":"1265.63"},"1 CLAB",{"v":42.1,"d":"$42.10"},{"v":56.41400000000001,"d":"$56.41"},{"v":317.32875000000007,"d":"$317.33"},{"v":71398.96875000001,"d":"$71,398.97"},{"v":71398.96875000001,"d":"$71,398.97"}]
[null,{"$f":"IF(F40<>\"\",1+MAX($B$22:B39),\"\")","v":{"v":12,"d":"12 "}},null,"REMOVE EXISTING DOGHOUSE\nAREA: 20 SF","CF",{"$f":"20*10","v":200},null,{"v":0,"d":"$0.00"},{"v":0,"d":"$0.00"},{"v":0.5,"d":"0.500"},{"v":100,"d":"100.00"},"1 CLAB",{"v":42.1,"d":"$42.10"},{"v":56.41400000000001,"d":"$56.41"},{"v":28.207000000000004,"d":"$28.21"},{"v":5641.400000000001,"d":"$5,641.40"},{"v":5641.400000000001,"d":"$5,641.40"}]
[null,{"$f":"IF(F41<>\"\",1+MAX($B$22:B40),\"\")","v":{"v":13,"d":"13 "}},null,"REMOVE EXISTING CONCRETE BULKHEAD AND STEPS\nAREA: 36 SF","SF",36,null,{"v":0,"d":"$0.00"},{"v":0,"d":"$0.00"},{"v":0.9,"d":"0.900"},{"v":32.4,"d":"32.40"},"1 CLAB",{"v":42.1,"d":"$42.10"},{"v":56.41400000000001,"d":"$56.41"},{"v":50.77260000000001,"d":"$50.77"},{"v":1827.8136000000004,"d":"$1,827.81"},{"v":1827.8136000000004,"d":"$1,827.81"}]
[null,{"$f":"IF(F42<>\"\",1+MAX($B$22:B41),\"\")","v":{"v":14,"d":"14 "}},null,"REMOVE EXISTING CONCRETE DECK\nAREA: 111 SF","SF",111,null,{"v":0,"d":"$0.00"},{"v":0,"d":"$0.00"},0.065,{"v":7.215,"d":"7.22"},"1 CLAB",{"v":42.1,"d":"$42.10"},{"v":56.41400000000001,"d":"$56.41"},{"v":3.6669100000000006,"d":"$3.67"},{"v":407.0270100000001,"d":"$407.03"},{"v":407.0270100000001,"d":"$407.03"}]
[null,{"$f":"IF(F43<>\"\",1+MAX($B$22:B42),\"\")","v":""},{"$nulls":5},{"v":0,"d":"$0.00"},{"v":0,"d":"$0.00"},null,{"v":0,"d":"0.00"},null,null,{"v":0,"d":"$0.00"},{"v":0,"d":"$0.00"},{"v":0,"d":"$0.00"},{"v":0,"d":"$0.00"}]
[null,{"$f":"IF(F44<>\"\",1+MAX($B$22:B43),\"\")","v":""},null,"CONSTRUCTION ENTRANCE",{"$nulls":3},{"v":0,"d":"$0.00"},{"v":0,"d":"$0.00"},null,{"v":0,"d":"0.00"},null,null,{"v":0,"d":"$0.00"},{"v":0,"d":"$0.00"},{"v":0,"d":"$0.00"},{"v":0,"d":"$0.00"}]
[null,{"$f":"IF(F45<>\"\",1+MAX($B$22:B44),\"\")","v":{"v":15,"d":"15 "}},"C101, C502","NEW CONSTRUCTION ENTRANCE\n- SIZE: 25'-0\"x12'-0\"x0'-6\" THK\n- FILTER FABRIC: MIRAFI 600X OR APPROVED EQUAL","SF",{"$f":"25*12","v":300},{"v":1.25,"d":"$1.25"},{"v":1.125,"d":"$1.13"},{"v":337.5,"d":"$337.50"},0.042,{"v":12.600000000000001,"d":"12.60"},"1 CLAB",{"v":42.1,"d":"$42.10"},{"v":56.41400000000001,"d":"$56.41"},{"v":2.3693880000000007,"d":"$2.37"},{"v":710.8164000000002,"d":"$710.82"},{"v":1048.3164000000002,"d":"$1,048.32"}]
[null,{"$f":"IF(F46<>\"\",1+MAX($B$22:B45),\"\")","v":""},{"$nulls":5},{"v":0,"d":"$0.00"},{"v":0,"d":"$0.00"},null,{"v":0,"d":"0.00"},null,null,{"v":0,"d":"$0.00"},{"v":0,"d":"$0.00"},{"v":0,"d":"$0.00"},{"v":0,"d":"$0.00"}]
[null,{"$f":"IF(F47<>\"\",1+MAX($B$22:B46),\"\")","v":""},null,"CONSTRUCTION FENCE/ EROSION CONTROL",{"$nulls":3},{"v":0,"d":"$0.00"},{"v":0,"d":"$0.00"},null,{"v":0,"d":"0.00"},null,null,{"v":0,"d":"$0.00"},{"v":0,"d":"$0.00"},{"v":0,"d":"$0.00"},{"v":0,"d":"$0.00"}]
[null,{"$f":"IF(F48<>\"\",1+MAX($B$22:B47),\"\")","v":{"v":16,"d":"16 "}},"C101, C502","NEW CONSTRUCTION FABRIC FENCE @5'-0\" HT W/\n- LINE POST 2 3/8\" DIA @10'-0\" C.C.\n- EXPANSION SLEEVE\n- CHAIN LINK FABRIC (2 1/2\" MESH) \n- BAR BANDS @12\" INTERVALS\n- TURNBUCKLE (6\" TAKUP)\n- END POST 3\" DIA W/ END POST CAP\n- TOP RAIL 1 3/4\" DIA\n- INSTALL 3 VARBED WIRES W/ 45 DEGREE\n- WITH EROSION CONTROL BARRIER","LF",{"$f":"520","v":520},{"v":12.25,"d":"$12.25"},{"v":11.025,"d":"$11.03"},{"v":5733,"d":"$5,733.00"},0.143,74.36,"B-80C",{"v":54.23,"d":"$54.23"},{"v":72.6682,"d":"$72.67"},{"v":10.391552599999999,"d":"$10.39"},{"v":5403.607351999999,"d":"$5,403.61"},{"v":11136.607351999999,"d":"$11,136.61"}]
[null,{"$f":"IF(F49<>\"\",1+MAX($B$22:B48),\"\")","v":""},{"$nulls":5},{"v":0,"d":"$0.00"},{"v":0,"d":"$0.00"},null,{"v":0,"d":"0.00"},null,null,{"v":0,"d":"$0.00"},{"v":0,"d":"$0.00"},{"v":0,"d":"$0.00"},{"v":0,"d":"$0.00"}]
[null,{"$f":"IF(F50<>\"\",1+MAX($B$22:B49),\"\")","v":""},null,"WOOD FENCE",{"$nulls":3},{"v":0,"d":"$0.00"},{"v":0,"d":"$0.00"},null,{"v":0,"d":"0.00"},null,null,{"v":0,"d":"$0.00"},{"v":0,"d":"$0.00"},{"v":0,"d":"$0.00"},{"v":0,"d":"$0.00"}]
[null,{"$f":"IF(F51<>\"\",1+MAX($B$22:B50),\"\")","v":{"v":17,"d":"17 "}},"L1, L7","8'-0''H WOOD COMPOSITE FENCE W/ \n- 1x4 RAIL CAP, WHITE CEDAR, SHOP ALLPIED SATIN\n- 1x4 FASCIA BOARD AT TOP, WHITE CEDAR, SHOP APPLIED SATIN\n- 2x4 BACKING RAIL AT TOP, WHITE CEDAR, SHOP APPLIED SATIN\n- 5x5 POST, WHITE CEDAR, SHOP APPLIED SATIN\n- 1x5 V-GROOVE BOARDS, WHITE CEDAR, SHOP APPLIED SATIN\n- 2x4 BACKING RAIL AT BOTTOM, WHITE CEDAR, SHOP APPLIED SATIN\n- 1x4 FASCIA BOARD AT BOTTOM, WHITE CEDAR, SHOP APPLIED SATIN\n- 2\" DIA SCHEDULE 40 GALVANIZED PIPE CORE DRILLED INTO FENCE","LF",{"$f":"104","v":104},{"v":18.75,"d":"$18.75"},{"v":16.875,"d":"$16.88"},{"v":1755,"d":"$1,755.00"},0.143,{"v":14.871999999999998,"d":"14.87"},"B-80C",{"v":54.23,"d":"$54.23"},{"v":72.6682,"d":"$72.67"},{"v":10.391552599999999,"d":"$10.39"},{"v":1080.7214703999998,"d":"$1,080.72"},{"v":2835.7214704,"d":"$2,835.72"}]
[null,{"$f":"IF(F52<>\"\",1+MAX($B$22:B51),\"\")","v":{"v":18,"d":"18 "}},null,"6'-0''H WOOD COMPOSITE FENCE W/ \n- 1x4 RAIL CAP, WHITE CEDAR, SHOP ALLPIED SATIN\n- 1x4 FASCIA BOARD AT TOP, WHITE CEDAR, SHOP APPLIED SATIN\n- 2x4 BACKING RAIL AT TOP, WHITE CEDAR, SHOP APPLIED SATIN\n- 5x5 POST, WHITE CEDAR, SHOP APPLIED SATIN\n- 1x5 V-GROOVE BOARDS, WHITE CEDAR, SHOP APPLIED SATIN\n- 2x4 BACKING RAIL AT BOTTOM, WHITE CEDAR, SHOP APPLIED SATIN\n- 1x4 FASCIA BOARD AT BOTTOM, WHITE CEDAR, SHOP APPLIED SATIN\n- 2\" DIA SCHEDULE 40 GALVANIZED PIPE CORE DRILLED INTO FENCE","LF",169,{"v":18.75,"d":"$18.75"},{"v":16.875,"d":"$16.88"},{"v":2851.875,"d":"$2,851.88"},0.143,{"v":24.166999999999998,"d":"24.17"},"B-80C",{"v":54.23,"d":"$54.23"},{"v":72.6682,"d":"$72.67"},{"v":10.391552599999999,"d":"$10.39"},{"v":1756.1723894,"d":"$1,756.17"},{"v":4608.0473894,"d":"$4,608.05"}]
[null,{"$f":"IF(F53<>\"\",1+MAX($B$22:B52),\"\")","v":""},{"$nulls":5},{"v":0,"d":"$0.00"},{"v":0,"d":"$0.00"},null,{"v":0,"d":"0.00"},null,null,{"v":0,"d":"$0.00"},{"v":0,"d":"$0.00"},{"v":0,"d":"$0.00"},{"v":0,"d":"$0.00"}]
[null,{"$f":"IF(F54<>\"\",1+MAX($B$22:B53),\"\")","v":""},null,"FOOTING",{"$nulls":3},{"v":0,"d":"$0.00"},{"v":0,"d":"$0.00"},null,{"v":0,"d":"0.00"},null,null,{"v":0,"d":"$0.00"},{"v":0,"d":"$0.00"},{"v":0,"d":"$0.00"},{"v":0,"d":"$0.00"}]
[null,{"$f":"IF(F55<>\"\",1+MAX($B$22:B54),\"\")","v":{"v":19,"d":"19 "}},null,"12\" CONCRETE SONO TUBE FOOTING TO FROST","CY",{"$f":"((34)*0.786*3)/27","v":{"v":2.969333333333333,"d":"3.0"}},{"v":304.22,"d":"$304.22"},{"v":273.79800000000006,"d":"$273.80"},{"v":812.9975280000001,"d":"$813.00"},6.415,{"v":19.04827333333333,"d":"19.05"},"C14H",{"v":52.21,"d":"$52.21"},{"v":69.96140000000001,"d":"$69.96"},{"v":448.8023810000001,"d":"$448.80"},{"v":1332.6438699826667,"d":"$1,332.64"},{"v":2145.6413979826666,"d":"$2,145.64"}]
[null,{"$f":"IF(F56<>\"\",1+MAX($B$22:B55),\"\")","v":""},{"$nulls":5},{"v":0,"d":"$0.00"},{"v":0,"d":"$0.00"},null,{"v":0,"d":"0.00"},null,null,{"v":0,"d":"$0.00"},{"v":0,"d":"$0.00"},{"v":0,"d":"$0.00"},{"v":0,"d":"$0.00"}]
[null,{"$f":"IF(F57<>\"\",1+MAX($B$22:B56),\"\")","v":""},null,"EXCAVATION",{"$nulls":3},{"v":0,"d":"$0.00"},{"v":0,"d":"$0.00"},null,{"v":0,"d":"0.00"},null,null,{"v":0,"d":"$0.00"},{"v":0,"d":"$0.00"},{"v":0,"d":"$0.00"},{"v":0,"d":"$0.00"}]
[null,{"$f":"IF(F58<>\"\",1+MAX($B$22:B57),\"\")","v":{"v":20,"d":"20 "}},null,"EXCAVATION PROVIDED FOR FOOTING","CY",{"$f":"((34)*0.786*3)/27","v":{"v":2.969333333333333,"d":"3.0"}},null,{"v":0,"d":"$0.00"},{"v":0,"d":"$0.00"},{"v":1.1885999999999999,"d":"1.189"},{"v":3.5293495999999993,"d":"3.53"},"1 CLAB",{"v":42.1,"d":"$42.10"},{"v":56.41400000000001,"d":"$56.41"},{"v":67.0536804,"d":"$67.05"},{"v":199.1047283344,"d":"$199.10"},{"v":199.1047283344,"d":"$199.10"}]
[null,{"$f":"IF(F59<>\"\",1+MAX($B$22:B58),\"\")","v":{"v":21,"d":"21 "}},null,"HAULING OFF EXTRA MATERIAL","CY",{"$f":"((34)*0.786*3)/27","v":{"v":2.969333333333333,"d":"3.0"}},null,{"v":0,"d":"$0.00"},{"v":0,"d":"$0.00"},{"v":0.2975,"d":"0.298"},{"v":0.8833766666666666,"d":"0.88"},"1 CLAB",{"v":42.1,"d":"$42.10"},{"v":56.41400000000001,"d":"$56.41"},{"v":16.783165,"d":"$16.78"},{"v":49.83481127333333,"d":"$49.83"},{"v":49.83481127333333,"d":"$49.83"}]
[null,{"$f":"IF(F60<>\"\",1+MAX($B$22:B59),\"\")","v":""},{"$nulls":5},{"v":0,"d":"$0.00"},{"v":0,"d":"$0.00"},null,{"v":0,"d":"0.00"},null,null,{"v":0,"d":"$0.00"},{"v":0,"d":"$0.00"},{"v":0,"d":"$0.00"},{"v":0,"d":"$0.00"}]
[null,{"$f":"IF(F61<>\"\",1+MAX($B$22:B60),\"\")","v":""},null,"GATE",{"$nulls":3},{"v":0,"d":"$0.00"},{"v":0,"d":"$0.00"},null,{"v":0,"d":"0.00"},null,null,{"v":0,"d":"$0.00"},{"v":0,"d":"$0.00"},{"v":0,"d":"$0.00"},{"v":0,"d":"$0.00"}]
[null,{"$f":"IF(F62<>\"\",1+MAX($B$22:B61),\"\")","v":{"v":22,"d":"22 "}},"L1, L7","3'-2\"W x 8' HT WOOD GATE W/ SELF LATCHING SS HARDWARE AS NOTED BELOW\n- PROVIDE EMTEK, MODEL HANOVER 510, COLOR: FLAT BLACK US19, SQUARE CORNER KEYED","EA",4,{"v":185,"d":"$185.00"},{"v":166.5,"d":"$166.50"},{"v":666,"d":"$666.00"},1.725,{"v":6.9,"d":"6.90"},"B-80C",{"v":54.23,"d":"$54.23"},{"v":72.6682,"d":"$72.67"},{"v":125.35264500000001,"d":"$125.35"},{"v":501.41058000000004,"d":"$501.41"},{"v":1167.41058,"d":"$1,167.41"}]
[null,{"$f":"IF(F63<>\"\",1+MAX($B$22:B62),\"\")","v":""},{"$nulls":5},{"v":0,"d":"$0.00"},{"v":0,"d":"$0.00"},null,{"v":0,"d":"0.00"},null,null,{"v":0,"d":"$0.00"},{"v":0,"d":"$0.00"},{"v":0,"d":"$0.00"},{"v":0,"d":"$0.00"}]
[null,{"$f":"IF(F64<>\"\",1+MAX($B$22:B63),\"\")","v":""},null,"GUARDRAIL",{"$nulls":3},{"v":0,"d":"$0.00"},{"v":0,"d":"$0.00"},null,{"v":0,"d":"0.00"},null,null,{"v":0,"d":"$0.00"},{"v":0,"d":"$0.00"},{"v":0,"d":"$0.00"},{"v":0,"d":"$0.00"}]
[null,{"$f":"IF(F65<>\"\",1+MAX($B$22:B64),\"\")","v":{"v":23,"d":"23 "}},"L1, L7","42\" HT ALUMINUM GUARDRAIL OVER RETAINING WALL","LF",{"v":83.5,"d":"84"},{"v":51.5,"d":"$51.50"},{"v":46.35,"d":"$46.35"},{"v":3870.225,"d":"$3,870.23"},0.186,{"v":15.531,"d":"15.53"},"E-4",{"v":62.74,"d":"$62.74"},{"v":84.0716,"d":"$84.07"},{"v":15.637317600000001,"d":"$15.64"},{"v":1305.7160196000002,"d":"$1,305.72"},{"v":5175.9410196,"d":"$5,175.94"}]
[null,{"$f":"IF(F66<>\"\",1+MAX($B$22:B65),\"\")","v":""},{"$nulls":5},{"v":0,"d":"$0.00"},{"v":0,"d":"$0.00"},null,{"v":0,"d":"0.00"},null,null,{"v":0,"d":"$0.00"},{"v":0,"d":"$0.00"},{"v":0,"d":"$0.00"},{"v":0,"d":"$0.00"}]
[null,{"$f":"IF(F67<>\"\",1+MAX($B$22:B66),\"\")","v":""},null,"SILT SACK",{"$nulls":3},{"v":0,"d":"$0.00"},{"v":0,"d":"$0.00"},null,{"v":0,"d":"0.00"},null,null,{"v":0,"d":"$0.00"},{"v":0,"d":"$0.00"},{"v":0,"d":"$0.00"},{"v":0,"d":"$0.00"}]
[null,{"$f":"IF(F68<>\"\",1+MAX($B$22:B67),\"\")","v":{"v":24,"d":"24 "}},"C101, C502","SILT SACK@ 3'-0'' O.C. W/ \n- OPTIONAL OVERFLOW\n- DUMP LOOPS\n- 1\" REBAR FOR BAG REMOVAL FROM INLET","LF",{"$f":"520","v":520},{"v":2.625,"d":"$2.63"},{"v":2.3625000000000003,"d":"$2.36"},{"v":1228.5000000000002,"d":"$1,228.50"},0.037,19.24,"1 CARP",{"v":53.15,"d":"$53.15"},{"v":71.221,"d":"$71.22"},{"v":2.635177,"d":"$2.64"},{"v":1370.29204,"d":"$1,370.29"},{"v":2598.7920400000003,"d":"$2,598.79"}]
[null,{"$f":"IF(F69<>\"\",1+MAX($B$22:B68),\"\")","v":""},{"$nulls":5},{"v":0,"d":"$0.00"},{"v":0,"d":"$0.00"},null,{"v":0,"d":"0.00"},null,null,{"v":0,"d":"$0.00"},{"v":0,"d":"$0.00"},{"v":0,"d":"$0.00"},{"v":0,"d":"$0.00"}]
[null,{"$f":"IF(F70<>\"\",1+MAX($B$22:B69),\"\")","v":""},null,"TANK",{"$nulls":3},{"v":0,"d":"$0.00"},{"v":0,"d":"$0.00"},null,{"v":0,"d":"0.00"},null,null,{"v":0,"d":"$0.00"},{"v":0,"d":"$0.00"},{"v":0,"d":"$0.00"},{"v":0,"d":"$0.00"}]
[null,{"$f":"IF(F71<>\"\",1+MAX($B$22:B70),\"\")","v":{"v":25,"d":"25 "}},"C103, C501","10'-6\"x5'-8\" 1000 GAL. LEDGE CONCRETE TANK W/\n- 20\" DIA CLEANOUT COVER 3 PLACES \n- 4\" DIA INLET RUBBER BOOT W/ CLAMP\n- 2\" DIA INLET RUBBER BOOT W/ CLAMP\n- 8\" DIA INLET RUBBER BOOT W/ CLAMP\n- TONGUE AND GROOVE JOINT SEALED W/ BUTYL RESIN","EA",4,{"v":4850,"d":"$4,850.00"},{"v":4365,"d":"$4,365.00"},{"v":17460,"d":"$17,460.00"},{"v":66,"d":"66.000"},{"v":264,"d":"264.00"},"B-13",{"v":56.41,"d":"$56.41"},{"v":75.5894,"d":"$75.59"},{"v":4988.9003999999995,"d":"$4,988.90"},{"v":19955.601599999998,"d":"$19,955.60"},{"v":37415.601599999995,"d":"$37,415.60"}]
[null,{"$f":"IF(F72<>\"\",1+MAX($B$22:B71),\"\")","v":""},{"$nulls":5},{"v":0,"d":"$0.00"},{"v":0,"d":"$0.00"},null,{"v":0,"d":"0.00"},null,null,{"v":0,"d":"$0.00"},{"v":0,"d":"$0.00"},{"v":0,"d":"$0.00"},{"v":0,"d":"$0.00"}]
[null,{"$f":"IF(F73<>\"\",1+MAX($B$22:B72),\"\")","v":""},null,"TRANSFORMER VAULT",{"$nulls":3},{"v":0,"d":"$0.00"},{"v":0,"d":"$0.00"},null,{"v":0,"d":"0.00"},null,null,{"v":0,"d":"$0.00"},{"v":0,"d":"$0.00"},{"v":0,"d":"$0.00"},{"v":0,"d":"$0.00"}]
[null,{"$f":"IF(F74<>\"\",1+MAX($B$22:B73),\"\")","v":{"v":26,"d":"26 "}},"C103","TRANSFORMER VAULT W/ ASSOCIATED PAD & ASSEMBLY","EA",1,{"v":3250,"d":"$3,250.00"},{"v":2925,"d":"$2,925.00"},{"v":2925,"d":"$2,925.00"},{"v":56,"d":"56.000"},{"v":56,"d":"56.00"},"R-3",{"v":70.57,"d":"$70.57"},{"v":94.5638,"d":"$94.56"},{"v":5295.5728,"d":"$5,295.57"},{"v":5295.5728,"d":"$5,295.57"},{"v":8220.5728,"d":"$8,220.57"}]
[null,{"$f":"IF(F75<>\"\",1+MAX($B$22:B74),\"\")","v":""},{"$nulls":5},{"v":0,"d":"$0.00"},{"v":0,"d":"$0.00"},null,{"v":0,"d":"0.00"},null,null,{"v":0,"d":"$0.00"},{"v":0,"d":"$0.00"},{"v":0,"d":"$0.00"},{"v":0,"d":"$0.00"}]
[null,{"$f":"IF(F76<>\"\",1+MAX($B$22:B75),\"\")","v":""},null,"MARKING",{"$nulls":3},{"v":0,"d":"$0.00"},{"v":0,"d":"$0.00"},null,{"v":0,"d":"0.00"},null,null,{"v":0,"d":"$0.00"},{"v":0,"d":"$0.00"},{"v":0,"d":"$0.00"},{"v":0,"d":"$0.00"}]
[null,{"$f":"IF(F77<>\"\",1+MAX($B$22:B76),\"\")","v":{"v":27,"d":"27 "}},"C103","PROPOSED 12'' RAISED CROSSWALK MARKING","LF",112,{"v":1.2,"d":"$1.20"},{"v":1.08,"d":"$1.08"},{"v":120.96000000000001,"d":"$120.96"},0.045,5.04,"1 PORD",{"v":44.4,"d":"$44.40"},{"v":59.496,"d":"$59.50"},{"v":2.67732,"d":"$2.68"},{"v":299.85983999999996,"d":"$299.86"},{"v":420.81984,"d":"$420.82"}]
[null,{"$f":"IF(F78<>\"\",1+MAX($B$22:B77),\"\")","v":""},{"$nulls":5},{"v":0,"d":"$0.00"},{"v":0,"d":"$0.00"},null,{"v":0,"d":"0.00"},null,null,{"v":0,"d":"$0.00"},{"v":0,"d":"$0.00"},{"v":0,"d":"$0.00"},{"v":0,"d":"$0.00"}]
[null,{"$f":"IF(F79<>\"\",1+MAX($B$22:B78),\"\")","v":""},null,"STONE STRIPS",{"$nulls":3},{"v":0,"d":"$0.00"},{"v":0,"d":"$0.00"},null,{"v":0,"d":"0.00"},null,null,{"v":0,"d":"$0.00"},{"v":0,"d":"$0.00"},{"v":0,"d":"$0.00"},{"v":0,"d":"$0.00"}]
[null,{"$f":"IF(F80<>\"\",1+MAX($B$22:B79),\"\")","v":{"v":28,"d":"28 "}},"L1, L7","DECORATIVE STONE STRIPS\n- PROVIDE A SMOOTH, NATURALLY ROUNDED BOTTOM STONE 1.5-2\" IN SIZE\n- 3/16\"x4\" H PERMALOC EDGE, MILL FINISH: 411 LF\n- 18\" LONG STEEL STAKE: 411 LF\n- COMPACTED SUBGRADE","SF",551,{"v":15.5,"d":"$15.50"},{"v":13.950000000000001,"d":"$13.95"},{"v":7686.450000000001,"d":"$7,686.45"},{"v":0.54,"d":"0.540"},297.54,"D-8",{"v":47.93,"d":"$47.93"},{"v":64.2262,"d":"$64.23"},{"v":34.682148000000005,"d":"$34.68"},{"v":19109.863548,"d":"$19,109.86"},{"v":26796.313548000002,"d":"$26,796.31"}]
[null,{"$f":"IF(F81<>\"\",1+MAX($B$22:B80),\"\")","v":""},{"$nulls":5},{"v":0,"d":"$0.00"},{"v":0,"d":"$0.00"},null,{"v":0,"d":"0.00"},null,null,{"v":0,"d":"$0.00"},{"v":0,"d":"$0.00"},{"v":0,"d":"$0.00"},{"v":0,"d":"$0.00"}]
[null,{"$f":"IF(F82<>\"\",1+MAX($B$22:B81),\"\")","v":""},null,"WARNING STRIPS/ RAMP",{"$nulls":3},{"v":0,"d":"$0.00"},{"v":0,"d":"$0.00"},null,{"v":0,"d":"0.00"},null,null,{"v":0,"d":"$0.00"},{"v":0,"d":"$0.00"},{"v":0,"d":"$0.00"},{"v":0,"d":"$0.00"}]
[null,{"$f":"IF(F83<>\"\",1+MAX($B$22:B82),\"\")","v":{"v":29,"d":"29 "}},"L1, L7","DTECTABLE WARNING STRIPS AREA","SF",35,{"v":18.35,"d":"$18.35"},{"v":16.515,"d":"$16.52"},{"v":578.025,"d":"$578.03"},{"v":0.04,"d":"0.040"},{"v":1.4000000000000001,"d":"1.40"},"2 CLAB",{"v":42.1,"d":"$42.10"},{"v":56.41400000000001,"d":"$56.41"},{"v":2.2565600000000003,"d":"$2.26"},{"v":78.9796,"d":"$78.98"},{"v":657.0046,"d":"$657.00"}]
[null,{"$f":"IF(F84<>\"\",1+MAX($B$22:B83),\"\")","v":""},{"$nulls":5},{"v":0,"d":"$0.00"},{"v":0,"d":"$0.00"},null,{"v":0,"d":"0.00"},null,null,{"v":0,"d":"$0.00"},{"v":0,"d":"$0.00"},{"v":0,"d":"$0.00"},{"v":0,"d":"$0.00"}]
[null,{"$f":"IF(F85<>\"\",1+MAX($B$22:B84),\"\")","v":""},null,"SIGNAGE",{"$nulls":3},{"$f":"G85*$T$2","v":{"v":0,"d":"$0.00"}},{"$f":"F85*H85","v":{"v":0,"d":"$0.00"}},null,{"$f":"F85*J85","v":{"v":0,"d":"0.00"}},null,null,{"$f":"M85*$U$2","v":{"v":0,"d":"$0.00"}},{"$f":"J85*N85","v":{"v":0,"d":"$0.00"}},{"$f":"F85*O85","v":{"v":0,"d":"$0.00"}},{"$f":"I85+P85","v":{"v":0,"d":"$0.00"}}]
[null,{"$f":"IF(F86<>\"\",1+MAX($B$22:B85),\"\")","v":{"v":30,"d":"30 "}},"C103","TRAFFIC CONTROL SIGNAGE","EA",4,{"v":225,"d":"$225.00"},{"v":202.5,"d":"$202.50"},{"v":810,"d":"$810.00"},{"v":3,"d":"3.000"},{"v":12,"d":"12.00"},"2 CLAB",{"v":42.1,"d":"$42.10"},{"v":56.41400000000001,"d":"$56.41"},{"v":169.24200000000002,"d":"$169.24"},{"v":676.9680000000001,"d":"$676.97"},{"v":1486.968,"d":"$1,486.97"}]
[null,{"$f":"IF(F87<>\"\",1+MAX($B$22:B86),\"\")","v":""},{"$nulls":8},{"v":0,"d":"0.00"},null,null,{"v":0,"d":"$0.00"},{"v":0,"d":"$0.00"},{"v":0,"d":"$0.00"},{"v":0,"d":"$0.00"}]
[null,{"$f":"IF(F88<>\"\",1+MAX($B$22:B87),\"\")","v":""},null,"ASPHALT REPAIR AND PATCHING",{"$nulls":6},{"v":0,"d":"0.00"},null,null,{"v":0,"d":"$0.00"},{"v":0,"d":"$0.00"},{"v":0,"d":"$0.00"},{"v":0,"d":"$0.00"}]
[null,{"$f":"IF(F89<>\"\",1+MAX($B$22:B88),\"\")","v":{"v":31,"d":"31 "}},"C103","PROVIDE ASPHALT PATCH AND REPAIR WHERE UTILITIES ARE CONNECTING IN THE STREET","SF",222,{"v":2.85,"d":"$2.85"},{"$f":"G89*$T$2","v":{"v":2.565,"d":"$2.57"}},{"$f":"F89*H89","v":{"v":569.43,"d":"$569.43"}},0.029,{"v":6.438000000000001,"d":"6.44"},"B-45",{"v":104.31,"d":"$104.31"},{"v":139.77540000000002,"d":"$139.78"},{"v":4.053486600000001,"d":"$4.05"},{"v":899.8740252000002,"d":"$899.87"},{"v":1469.3040252,"d":"$1,469.30"}]
[null,{"$f":"IF(F90<>\"\",1+MAX($B$22:B89),\"\")","v":""},{"$nulls":8},{"v":0,"d":"0.00"},null,null,{"v":0,"d":"$0.00"},{"v":0,"d":"$0.00"},{"v":0,"d":"$0.00"},{"v":0,"d":"$0.00"}]
[null,{"$f":"IF(F91<>\"\",1+MAX($B$22:B90),\"\")","v":""},null,"ALLOWNACE",{"$nulls":6},{"v":0,"d":"0.00"},null,null,{"v":0,"d":"$0.00"},{"v":0,"d":"$0.00"},{"v":0,"d":"$0.00"},{"v":0,"d":"$0.00"}]
[null,{"$f":"IF(F92<>\"\",1+MAX($B$22:B91),\"\")","v":{"v":32,"d":"32 "}},"C103","PROVIDE ALLOWANCE FOR POLICE DETAILS AT ROAD CROSSING WHILE WORKING","LS",1,{"v":1250,"d":"$1,250.00"},{"$f":"G92*$T$2","v":{"v":1125,"d":"$1,125.00"}},{"$f":"F92*H92","v":{"v":1125,"d":"$1,125.00"}},{"v":12.25,"d":"12.250"},{"$f":"F92*J92","v":12.25},"2 CLAB",{"v":42.1,"d":"$42.10"},{"$f":"M92*$U$2","v":{"v":56.41400000000001,"d":"$56.41"}},{"$f":"J92*N92","v":{"v":691.0715000000001,"d":"$691.07"}},{"$f":"F92*O92","v":{"v":691.0715000000001,"d":"$691.07"}},{"$f":"I92+P92","v":{"v":1816.0715,"d":"$1,816.07"}}]
[null,{"$f":"IF(F93<>\"\",1+MAX($B$22:B92),\"\")","v":""},{"$nulls":5},{"v":0,"d":"$0.00"},{"v":0,"d":"$0.00"},null,{"v":0,"d":"0.00"},null,null,{"v":0,"d":"$0.00"},{"v":0,"d":"$0.00"},{"v":0,"d":"$0.00"},{"v":0,"d":"$0.00"}]
[null,{"$f":"IF(F94<>\"\",1+MAX($B$22:B93),\"\")","v":""},null,"RETAINING WALL",{"$nulls":3},{"v":0,"d":"$0.00"},{"v":0,"d":"$0.00"},null,{"v":0,"d":"0.00"},null,null,{"v":0,"d":"$0.00"},{"v":0,"d":"$0.00"},{"v":0,"d":"$0.00"},{"v":0,"d":"$0.00"}]
[null,{"$f":"IF(F95<>\"\",1+MAX($B$22:B94),\"\")","v":{"v":33,"d":"33 "}},"L1, L7","6'-0\" HT CONCRETE RETAINING WALL W/\n- SMOOTH AND TROWEL FINISH\n- 1/2\" CHAMFER, BOTH SIDES\n- EPOXY COATED REBAR 12\" O.C. E.W\n- 4\" DIA SCH. 40 PERFORATED DRAIN PIPE\n- 2\"x4\" KEY \n- WASHED 3/4\" CRUSHED STONE WRAPPED IN FILTER FABRIC, BOTH SIDES","CY",{"$f":"(228*6*0.83)/27","v":{"v":42.053333333333335,"d":"42.1"}},{"v":366,"d":"$366.00"},{"v":329.40000000000003,"d":"$329.40"},{"v":13852.368000000002,"d":"$13,852.37"},5.017,{"v":210.98157333333336,"d":"210.98"},"C14D",{"v":54.81,"d":"$54.81"},{"v":73.4454,"d":"$73.45"},{"v":368.47557180000007,"d":"$368.48"},{"v":15495.626046096004,"d":"$15,495.63"},{"v":29347.994046096006,"d":"$29,347.99"}]
[null,{"$f":"IF(F96<>\"\",1+MAX($B$22:B95),\"\")","v":""},{"$nulls":5},{"v":0,"d":"$0.00"},{"v":0,"d":"$0.00"},null,{"v":0,"d":"0.00"},null,null,{"v":0,"d":"$0.00"},{"v":0,"d":"$0.00"},{"v":0,"d":"$0.00"},{"v":0,"d":"$0.00"}]
[null,{"$f":"IF(F97<>\"\",1+MAX($B$22:B96),\"\")","v":""},null,"FOUNDATION",{"$nulls":3},{"v":0,"d":"$0.00"},{"v":0,"d":"$0.00"},null,{"v":0,"d":"0.00"},null,null,{"v":0,"d":"$0.00"},{"v":0,"d":"$0.00"},{"v":0,"d":"$0.00"},{"v":0,"d":"$0.00"}]
[null,{"$f":"IF(F98<>\"\",1+MAX($B$22:B97),\"\")","v":{"v":34,"d":"34 "}},null,"2'-10\"x1'-0\" CONCRETE FOOTINGS W/ #4 EPOXY COATED REBAR 12\" O.C. E.W TYP","CY",{"$f":"(228*2.83*1)/27","v":{"v":23.89777777777778,"d":"23.9"}},{"v":304.22,"d":"$304.22"},{"v":273.79800000000006,"d":"$273.80"},{"v":6543.163760000002,"d":"$6,543.16"},6.415,{"v":153.30424444444446,"d":"153.30"},"C14H",{"v":52.21,"d":"$52.21"},{"v":69.96140000000001,"d":"$69.96"},{"v":448.8023810000001,"d":"$448.80"},{"v":10725.379567275559,"d":"$10,725.38"},{"v":17268.54332727556,"d":"$17,268.54"}]
[null,{"$f":"IF(F99<>\"\",1+MAX($B$22:B98),\"\")","v":""},{"$nulls":5},{"$f":"G99*$T$2","v":{"v":0,"d":"$0.00"}},{"$f":"F99*H99","v":{"v":0,"d":"$0.00"}},null,{"$f":"F99*J99","v":{"v":0,"d":"0.00"}},null,null,{"v":0,"d":"$0.00"},{"v":0,"d":"$0.00"},{"v":0,"d":"$0.00"},{"v":0,"d":"$0.00"}]
[null,{"$f":"IF(F100<>\"\",1+MAX($B$22:B99),\"\")","v":""},null,"FORMWORK",{"$nulls":3},{"v":0,"d":"$0.00"},{"v":0,"d":"$0.00"},null,{"v":0,"d":"0.00"},null,null,{"v":0,"d":"$0.00"},{"v":0,"d":"$0.00"},{"v":0,"d":"$0.00"},{"v":0,"d":"$0.00"}]
[null,{"$f":"IF(F101<>\"\",1+MAX($B$22:B100),\"\")","v":{"v":35,"d":"35 "}},null,"FORMWORK REQUIRED","SF",{"$f":"228*7*2","v":3192},{"v":2,"d":"$2.00"},{"v":1.8,"d":"$1.80"},{"v":5745.6,"d":"$5,745.60"},0.037,{"v":118.104,"d":"118.10"},"2 CARP",{"v":53.15,"d":"$53.15"},{"$f":"M101*$U$2","v":{"v":71.221,"d":"$71.22"}},{"$f":"J101*N101","v":{"v":2.635177,"d":"$2.64"}},{"$f":"F101*O101","v":{"v":8411.484984,"d":"$8,411.48"}},{"$f":"I101+P101","v":{"v":14157.084984000001,"d":"$14,157.08"}}]
[null,{"$f":"IF(F102<>\"\",1+MAX($B$22:B101),\"\")","v":""},{"$nulls":5},{"v":0,"d":"$0.00"},{"v":0,"d":"$0.00"},null,{"v":0,"d":"0.00"},null,null,{"v":0,"d":"$0.00"},{"v":0,"d":"$0.00"},{"v":0,"d":"$0.00"},{"v":0,"d":"$0.00"}]
[null,{"$f":"IF(F103<>\"\",1+MAX($B$22:B102),\"\")","v":""},null,"EXCAVATION",{"$nulls":3},{"v":0,"d":"$0.00"},{"v":0,"d":"$0.00"},null,{"v":0,"d":"0.00"},null,null,{"v":0,"d":"$0.00"},{"v":0,"d":"$0.00"},{"v":0,"d":"$0.00"},{"v":0,"d":"$0.00"}]
[null,{"$f":"IF(F104<>\"\",1+MAX($B$22:B103),\"\")","v":{"v":36,"d":"36 "}},null,"EXCAVATION PROVIDED FOR FOOTING","CY",{"$f":"(228*4.83*7)/27","v":{"v":285.50666666666666,"d":"285.5"}},null,{"v":0,"d":"$0.00"},{"v":0,"d":"$0.00"},0.679,{"v":193.85902666666667,"d":"193.86"},"1 CLAB",{"v":42.1,"d":"$42.10"},{"v":56.41400000000001,"d":"$56.41"},{"v":38.30510600000001,"d":"$38.31"},{"v":10936.363130373336,"d":"$10,936.36"},{"v":10936.363130373336,"d":"$10,936.36"}]
[null,{"$f":"IF(F105<>\"\",1+MAX($B$22:B104),\"\")","v":{"v":37,"d":"37 "}},null,"BACKFILL PROVIDED FOR FOOTING","CY",{"$f":"286-66","v":{"v":220,"d":"220.0"}},null,{"v":0,"d":"$0.00"},{"v":0,"d":"$0.00"},0.361,79.42,"1 CLAB",{"v":42.1,"d":"$42.10"},{"v":56.41400000000001,"d":"$56.41"},{"v":20.365454000000003,"d":"$20.37"},{"v":4480.399880000001,"d":"$4,480.40"},{"v":4480.399880000001,"d":"$4,480.40"}]
[null,{"$f":"IF(F106<>\"\",1+MAX($B$22:B105),\"\")","v":{"v":38,"d":"38 "}},null,"HAULING OFF EXTRA MATERIAL","CY",{"$f":"F104-F105","v":{"v":65.50666666666666,"d":"65.5"}},null,{"v":0,"d":"$0.00"},{"v":0,"d":"$0.00"},{"v":0.17,"d":"0.170"},{"v":11.136133333333333,"d":"11.14"},"1 CLAB",{"v":42.1,"d":"$42.10"},{"v":56.41400000000001,"d":"$56.41"},{"v":9.590380000000001,"d":"$9.59"},{"v":628.2338258666667,"d":"$628.23"},{"v":628.2338258666667,"d":"$628.23"}]
[null,{"$f":"IF(F107<>\"\",1+MAX($B$22:B106),\"\")","v":""},{"$nulls":5},{"v":0,"d":"$0.00"},{"v":0,"d":"$0.00"},null,{"v":0,"d":"0.00"},null,null,{"v":0,"d":"$0.00"},{"v":0,"d":"$0.00"},{"v":0,"d":"$0.00"},{"v":0,"d":"$0.00"}]
[null,{"$f":"IF(F108<>\"\",1+MAX($B$22:B107),\"\")","v":""},null,"PAVERS",{"$nulls":3},{"v":0,"d":"$0.00"},{"v":0,"d":"$0.00"},null,{"v":0,"d":"0.00"},null,null,{"v":0,"d":"$0.00"},{"v":0,"d":"$0.00"},{"v":0,"d":"$0.00"},{"v":0,"d":"$0.00"}]
[null,{"$f":"IF(F109<>\"\",1+MAX($B$22:B108),\"\")","v":{"v":39,"d":"39 "}},"L1, L6","PERMEABLE PAVERS W/\n- PERMEABLE JOINT OPENING AGGREGATE: OPEN-GRADED, CRUSHED, ANGULAR STONE ASTM NO. 8\n- PERMEABLE SETTING BED AGGREGARE: OPEN-GRADED, CRUSHED, ANGULAR STONE ASTM NO. 8\n- PERMEABLE BASE AGGREGATE: OPEN-GRADED, CRUSHED, ANGULAR STONE ASTM NO. 57\n- TRIAXIAL GEOGRID\n- PERMEABLE SUBBASE AGGREGATE: OPEN-GRADED, CRUSHED, ANGULAR STONE ASTM NO. 2\n- MIRAFI 140N FILTER FABRIC\n- COMPACTED SUBGRADE","SF",{"v":2826.3,"d":"2826"},{"v":6.25,"d":"$6.25"},{"v":5.625,"d":"$5.63"},{"v":15897.937500000002,"d":"$15,897.94"},{"v":0.1,"d":"0.100"},{"v":282.63000000000005,"d":"282.63"},"D-1",{"v":46.9,"d":"$46.90"},{"v":62.846000000000004,"d":"$62.85"},{"v":6.284600000000001,"d":"$6.28"},{"v":17762.164980000005,"d":"$17,762.16"},{"v":33660.10248000001,"d":"$33,660.10"}]
[null,{"$f":"IF(F110<>\"\",1+MAX($B$22:B109),\"\")","v":""},{"$nulls":5},{"v":0,"d":"$0.00"},{"v":0,"d":"$0.00"},null,{"v":0,"d":"0.00"},null,null,{"v":0,"d":"$0.00"},{"v":0,"d":"$0.00"},{"v":0,"d":"$0.00"},{"v":0,"d":"$0.00"}]
[null,{"$f":"IF(F111<>\"\",1+MAX($B$22:B110),\"\")","v":""},null,"UTILITY POLES (FURNISH & INSTALL POLE BASES)",{"$nulls":3},{"v":0,"d":"$0.00"},{"v":0,"d":"$0.00"},null,{"v":0,"d":"0.00"},null,null,{"v":0,"d":"$0.00"},{"v":0,"d":"$0.00"},{"v":0,"d":"$0.00"},{"v":0,"d":"$0.00"}]
[null,{"$f":"IF(F112<>\"\",1+MAX($B$22:B111),\"\")","v":{"v":40,"d":"40 "}},null,"9''DIA X 3'-0''D LIGHT BOLLARD FOOTING OVER COMPCATED GRAVEL BASE\nPOLES: 15","CY",{"$f":"15*((3.14*0.75*0.75/4)*3/27)","v":{"v":0.7359375,"d":"0.7"}},{"v":304.22,"d":"$304.22"},{"v":273.79800000000006,"d":"$273.80"},{"v":201.49821562500006,"d":"$201.50"},6.415,{"v":4.7210390625,"d":"4.72"},"C14H",{"v":52.21,"d":"$52.21"},{"v":69.96140000000001,"d":"$69.96"},{"v":448.8023810000001,"d":"$448.80"},{"v":330.29050226718755,"d":"$330.29"},{"v":531.7887178921876,"d":"$531.79"}]
[null,{"$f":"IF(F113<>\"\",1+MAX($B$22:B112),\"\")","v":""},{"$nulls":5},{"v":0,"d":"$0.00"},{"v":0,"d":"$0.00"},null,{"v":0,"d":"0.00"},null,null,{"v":0,"d":"$0.00"},{"v":0,"d":"$0.00"},{"v":0,"d":"$0.00"},{"v":0,"d":"$0.00"}]
[null,{"$f":"IF(F114<>\"\",1+MAX($B$22:B113),\"\")","v":""},null,"EARTHWORK",{"$nulls":3},{"v":0,"d":"$0.00"},{"v":0,"d":"$0.00"},null,{"v":0,"d":"0.00"},null,null,{"v":0,"d":"$0.00"},{"v":0,"d":"$0.00"},{"v":0,"d":"$0.00"},{"v":0,"d":"$0.00"}]
[null,{"$f":"IF(F115<>\"\",1+MAX($B$22:B114),\"\")","v":{"v":41,"d":"41 "}},null,"EXCAVATION","CY",{"$f":"15*((3.14*0.75*0.75/4)*3/27)","v":{"v":0.7359375,"d":"0.7"}},null,{"v":0,"d":"$0.00"},{"$f":"F115*H115","v":{"v":0,"d":"$0.00"}},0.679,{"$f":"F115*J115","v":{"v":0.49970156250000003,"d":"0.50"}},"1 CLAB",{"v":42.1,"d":"$42.10"},{"v":56.41400000000001,"d":"$56.41"},{"v":38.30510600000001,"d":"$38.31"},{"v":28.190163946875007,"d":"$28.19"},{"v":28.190163946875007,"d":"$28.19"}]
[null,{"$f":"IF(F116<>\"\",1+MAX($B$22:B115),\"\")","v":{"v":42,"d":"42 "}},null,"HAUL-OFF","CY",{"v":0.7359375,"d":"0.7"},null,{"v":0,"d":"$0.00"},{"v":0,"d":"$0.00"},{"v":0.17,"d":"0.170"},{"v":0.12510937500000002,"d":"0.13"},"1 CLAB",{"v":42.1,"d":"$42.10"},{"v":56.41400000000001,"d":"$56.41"},{"v":9.590380000000001,"d":"$9.59"},{"v":7.057920281250001,"d":"$7.06"},{"v":7.057920281250001,"d":"$7.06"}]
[null,{"$f":"IF(F117<>\"\",1+MAX($B$22:B116),\"\")","v":""},{"$nulls":5},{"v":0,"d":"$0.00"},{"v":0,"d":"$0.00"},null,{"v":0,"d":"0.00"},null,null,{"v":0,"d":"$0.00"},{"v":0,"d":"$0.00"},{"v":0,"d":"$0.00"},{"v":0,"d":"$0.00"}]
[null,{"$f":"IF(F118<>\"\",1+MAX($B$22:B117),\"\")","v":""},null,"OUTDOOR POWER STATION",{"$nulls":3},{"v":0,"d":"$0.00"},{"v":0,"d":"$0.00"},null,{"v":0,"d":"0.00"},null,null,{"v":0,"d":"$0.00"},{"v":0,"d":"$0.00"},{"v":0,"d":"$0.00"},{"v":0,"d":"$0.00"}]
[null,{"$f":"IF(F119<>\"\",1+MAX($B$22:B118),\"\")","v":{"v":43,"d":"43 "}},null,"10''DIA X 4'-0''D LIGHT BOLLARD FOOTING OVER COMPCATED GRAVEL BASE\nNO: 3","CY",{"$f":"3*((3.14*0.83*0.83/4)*4/27)","v":{"v":0.24034955555555554,"d":"0.2"}},{"v":304.22,"d":"$304.22"},{"v":273.79800000000006,"d":"$273.80"},{"v":65.807227612,"d":"$65.81"},6.415,{"v":1.5418423988888887,"d":"1.54"},"C14H",{"v":52.21,"d":"$52.21"},{"v":69.96140000000001,"d":"$69.96"},{"v":448.8023810000001,"d":"$448.80"},{"v":107.86945280562513,"d":"$107.87"},{"v":173.67668041762514,"d":"$173.68"}]
[null,{"$f":"IF(F120<>\"\",1+MAX($B$22:B119),\"\")","v":""},{"$nulls":5},{"v":0,"d":"$0.00"},{"v":0,"d":"$0.00"},null,{"v":0,"d":"0.00"},null,null,{"v":0,"d":"$0.00"},{"v":0,"d":"$0.00"},{"v":0,"d":"$0.00"},{"v":0,"d":"$0.00"}]
[null,{"$f":"IF(F121<>\"\",1+MAX($B$22:B120),\"\")","v":""},null,"EARTHWORK",{"$nulls":3},{"v":0,"d":"$0.00"},{"v":0,"d":"$0.00"},null,{"v":0,"d":"0.00"},null,null,{"v":0,"d":"$0.00"},{"v":0,"d":"$0.00"},{"v":0,"d":"$0.00"},{"v":0,"d":"$0.00"}]
[null,{"$f":"IF(F122<>\"\",1+MAX($B$22:B121),\"\")","v":{"v":44,"d":"44 "}},null,"EXCAVATION","CY",{"$f":"3*((3.14*0.83*0.83/4)*4/27)","v":{"v":0.24034955555555554,"d":"0.2"}},null,{"v":0,"d":"$0.00"},{"v":0,"d":"$0.00"},0.679,{"v":0.16319734822222223,"d":"0.16"},"1 CLAB",{"v":42.1,"d":"$42.10"},{"v":56.41400000000001,"d":"$56.41"},{"v":38.30510600000001,"d":"$38.31"},{"v":9.206615202608447,"d":"$9.21"},{"v":9.206615202608447,"d":"$9.21"}]
[null,{"$f":"IF(F123<>\"\",1+MAX($B$22:B122),\"\")","v":{"v":45,"d":"45 "}},null,"HAUL-OFF","CY",{"v":0.24034955555555554,"d":"0.2"},null,{"v":0,"d":"$0.00"},{"v":0,"d":"$0.00"},{"v":0.17,"d":"0.170"},{"v":0.040859424444444445,"d":"0.04"},"1 CLAB",{"v":42.1,"d":"$42.10"},{"v":56.41400000000001,"d":"$56.41"},{"v":9.590380000000001,"d":"$9.59"},{"v":2.305043570608889,"d":"$2.31"},{"v":2.305043570608889,"d":"$2.31"}]
[null,{"$f":"IF(F124<>\"\",1+MAX($B$22:B123),\"\")","v":""},{"$nulls":5},{"v":0,"d":"$0.00"},{"v":0,"d":"$0.00"},null,{"v":0,"d":"0.00"},null,null,{"v":0,"d":"$0.00"},{"v":0,"d":"$0.00"},{"v":0,"d":"$0.00"},{"v":0,"d":"$0.00"}]
[null,{"$f":"IF(F125<>\"\",1+MAX($B$22:B124),\"\")","v":""},null,"BUILDING EARTHWORK",{"$nulls":3},{"v":0,"d":"$0.00"},{"v":0,"d":"$0.00"},null,{"v":0,"d":"0.00"},null,null,{"v":0,"d":"$0.00"},{"v":0,"d":"$0.00"},{"v":0,"d":"$0.00"},{"v":0,"d":"$0.00"}]
[null,{"$f":"IF(F126<>\"\",1+MAX($B$22:B125),\"\")","v":""},{"$nulls":5},{"v":0,"d":"$0.00"},{"v":0,"d":"$0.00"},null,{"v":0,"d":"0.00"},null,null,{"v":0,"d":"$0.00"},{"v":0,"d":"$0.00"},{"v":0,"d":"$0.00"},{"v":0,"d":"$0.00"}]
[null,{"$f":"IF(F127<>\"\",1+MAX($B$22:B126),\"\")","v":""},null,"EXCAVATION",{"$nulls":3},{"v":0,"d":"$0.00"},{"v":0,"d":"$0.00"},null,{"v":0,"d":"0.00"},null,null,{"v":0,"d":"$0.00"},{"v":0,"d":"$0.00"},{"v":0,"d":"$0.00"},{"v":0,"d":"$0.00"}]
[null,{"$f":"IF(F128<>\"\",1+MAX($B$22:B127),\"\")","v":{"v":46,"d":"46 "}},"S100, S200","EXCAVATION PROVIDED FOR FOOTING","CY",{"$f":"(605*2*7.33)/27","v":{"v":328.4925925925926,"d":"328.5"}},null,{"v":0,"d":"$0.00"},{"$f":"F128*H128","v":{"v":0,"d":"$0.00"}},0.679,{"$f":"F128*J128","v":{"v":223.04647037037037,"d":"223.05"}},"1 CLAB",{"v":42.1,"d":"$42.10"},{"v":56.41400000000001,"d":"$56.41"},{"v":38.30510600000001,"d":"$38.31"},{"v":12582.943579474077,"d":"$12,582.94"},{"v":12582.943579474077,"d":"$12,582.94"}]
[null,{"$f":"IF(F129<>\"\",1+MAX($B$22:B128),\"\")","v":{"v":47,"d":"47 "}},null,"EXCAVATION PROVIDED FOR BASEMENT SLAB ON GRADE","CY",{"$f":"(11749*7.33)/27+(70*3.83)/27","v":{"v":3199.5655555555554,"d":"3199.6"}},null,{"v":0,"d":"$0.00"},{"v":0,"d":"$0.00"},0.679,{"v":2172.5050122222224,"d":"2172.51"},"1 CLAB",{"v":42.1,"d":"$42.10"},{"v":56.41400000000001,"d":"$56.41"},{"v":38.30510600000001,"d":"$38.31"},{"v":122559.69775950447,"d":"$122,559.70"},{"v":122559.69775950447,"d":"$122,559.70"}]
[null,{"$f":"IF(F130<>\"\",1+MAX($B$22:B129),\"\")","v":""},{"$nulls":5},{"v":0,"d":"$0.00"},{"v":0,"d":"$0.00"},null,{"v":0,"d":"0.00"},null,null,{"v":0,"d":"$0.00"},{"v":0,"d":"$0.00"},{"v":0,"d":"$0.00"},{"v":0,"d":"$0.00"}]
[null,{"$f":"IF(F131<>\"\",1+MAX($B$22:B130),\"\")","v":""},null,"BACKFILL",{"$nulls":3},{"v":0,"d":"$0.00"},{"v":0,"d":"$0.00"},null,{"v":0,"d":"0.00"},null,null,{"v":0,"d":"$0.00"},{"v":0,"d":"$0.00"},{"v":0,"d":"$0.00"},{"v":0,"d":"$0.00"}]
[null,{"$f":"IF(F132<>\"\",1+MAX($B$22:B131),\"\")","v":{"v":48,"d":"48 "}},"S100, S200","BACKFILL PROVIDED FOR FOOTING","CY",{"$f":"(605*2*7.33)/27","v":{"v":328.4925925925926,"d":"328.5"}},null,{"v":0,"d":"$0.00"},{"$f":"F132*H132","v":{"v":0,"d":"$0.00"}},0.361,{"$f":"F132*J132","v":{"v":118.58582592592592,"d":"118.59"}},"1 CLAB",{"v":42.1,"d":"$42.10"},{"v":56.41400000000001,"d":"$56.41"},{"v":20.365454000000003,"d":"$20.37"},{"v":6689.900783785186,"d":"$6,689.90"},{"v":6689.900783785186,"d":"$6,689.90"}]
[null,{"$f":"IF(F133<>\"\",1+MAX($B$22:B132),\"\")","v":""},{"$nulls":5},{"v":0,"d":"$0.00"},{"v":0,"d":"$0.00"},null,{"v":0,"d":"0.00"},null,null,{"v":0,"d":"$0.00"},{"v":0,"d":"$0.00"},{"v":0,"d":"$0.00"},{"v":0,"d":"$0.00"}]
[null,{"$f":"IF(F134<>\"\",1+MAX($B$22:B133),\"\")","v":""},null,"HAULOFF/IMPORT",{"$nulls":3},{"v":0,"d":"$0.00"},{"v":0,"d":"$0.00"},null,{"v":0,"d":"0.00"},null,null,{"v":0,"d":"$0.00"},{"v":0,"d":"$0.00"},{"v":0,"d":"$0.00"},{"v":0,"d":"$0.00"}]
[null,{"$f":"IF(F135<>\"\",1+MAX($B$22:B134),\"\")","v":{"v":49,"d":"49 "}},"S100, S200","HAULING OFF EXTRA MATERIAL","CY",{"$f":"(11749*7.33)/27+(70*3.83)/27","v":{"v":3199.5655555555554,"d":"3199.6"}},null,{"v":0,"d":"$0.00"},{"$f":"F135*H135","v":{"v":0,"d":"$0.00"}},{"v":0.17,"d":"0.170"},{"$f":"F135*J135","v":{"v":543.9261444444445,"d":"543.93"}},"1 CLAB",{"v":42.1,"d":"$42.10"},{"v":56.41400000000001,"d":"$56.41"},{"v":9.590380000000001,"d":"$9.59"},{"v":30685.049512688893,"d":"$30,685.05"},{"v":30685.049512688893,"d":"$30,685.05"}]
[null,{"$f":"IF(F136<>\"\",1+MAX($B$22:B135),\"\")","v":""},{"$nulls":5},{"v":0,"d":"$0.00"},{"v":0,"d":"$0.00"},null,{"v":0,"d":"0.00"},null,null,{"v":0,"d":"$0.00"},{"v":0,"d":"$0.00"},{"v":0,"d":"$0.00"},{"v":0,"d":"$0.00"}]
[null,{"$f":"IF(F137<>\"\",1+MAX($B$22:B136),\"\")","v":""},null,"NOTES: \n- IF IMPORT PLEASE MAKE SURE THAT THE COST OF STRUCTURAL FILL IS CARRIED UNDER BITUMINOUS ASPHALT, CONCRETE, AND BUILDING.  COMMON FILL CAN BE CARRIED IN OTHER AREAS.  ALSO PLEASE REMEMBER TO CARRY TRUCKING COSTS.  IT COSTS ROUGHLY $1,300 FOR 1 TRI-AXLE PER DAY THAT CARRIES (20CY).  WE SHOULD ASSUME (4) LOADS PER DAY.\n- IF EXPORT WE WILL ASSUME THAT ALL MATERIAL IS CLEAN.  ASSUME THE SAME TRUCKING AS IMPORT, BUT ALSO CARRY A DISPOSAL FEE OF $10 PER CY.",{"$nulls":3},{"v":0,"d":"$0.00"},{"v":0,"d":"$0.00"},null,{"v":0,"d":"0.00"},null,null,{"v":0,"d":"$0.00"},{"v":0,"d":"$0.00"},{"v":0,"d":"$0.00"},{"v":0,"d":"$0.00"}]
[null,{"$f":"IF(F138<>\"\",1+MAX($B$22:B137),\"\")","v":""},{"$nulls":5},{"v":0,"d":"$0.00"},{"v":0,"d":"$0.00"},null,{"v":0,"d":"0.00"},null,null,{"$f":"M138*$U$2","v":{"v":0,"d":"$0.00"}},{"$f":"J138*N138","v":{"v":0,"d":"$0.00"}},{"$f":"F138*O138","v":{"v":0,"d":"$0.00"}},{"$f":"I138+P138","v":{"v":0,"d":"$0.00"}}]
[null,{"$f":"IF(F139<>\"\",1+MAX($B$22:B138),\"\")","v":""},"DIV. 33","UTILITIES","SUBTOTAL MATERIAL",null,null,{"$f":"SUM(I140:I181)","v":{"v":22361.0805,"d":"$22,361"}},{"$f":"F139*H139","v":{"v":0,"d":"$0.00"}},null,"SUBTOTAL LABOR",{"$nulls":3},{"$f":"SUM(P140:P181)","v":{"v":23063.772953740005,"d":"$23,064"}},{"$f":"F139*O139","v":{"v":0,"d":"$0.00"}},{"$f":"SUM(Q140:Q181)","v":{"v":45424.85345374,"d":"$45,425"}},{"$f":"(Q139)+(H139*$Q$8)+(O139*$Q$9)+(Q139*$Q$10)+($Q$11*((Q139)+(H139*$Q$8)+(O139*$Q$9)+(Q139*$Q$10)))+(Q139*$Q$12)","v":{"v":63965.954549361966,"d":"$63,966"}}]
[null,{"$f":"IF(F140<>\"\",1+MAX($B$22:B139),\"\")","v":""},{"$nulls":5},{"$f":"G140*$T$2","v":{"v":0,"d":"$0.00"}},{"v":0,"d":"$0.00"},null,{"$f":"F140*J140","v":{"v":0,"d":"0.00"}},null,null,{"$f":"M140*$U$2","v":{"v":0,"d":"$0.00"}},{"$f":"J140*N140","v":{"v":0,"d":"$0.00"}},{"v":0,"d":"$0.00"},{"$f":"I140+P140","v":{"v":0,"d":"$0.00"}}]
[null,{"$f":"IF(F141<>\"\",1+MAX($B$22:B140),\"\")","v":""},null,"UNDERGROUND PIPING",{"$nulls":3},{"v":0,"d":"$0.00"},{"v":0,"d":"$0.00"},null,{"v":0,"d":"0.00"},null,null,{"v":0,"d":"$0.00"},{"v":0,"d":"$0.00"},{"v":0,"d":"$0.00"},{"v":0,"d":"$0.00"}]
[null,{"$f":"IF(F142<>\"\",1+MAX($B$22:B141),\"\")","v":{"v":50,"d":"50 "}},"C103","2\" HDPE DRAIN PIPE\n- CORRUGATED PLASTIC PIPE ASTM F2648","LF",8,{"v":2.08,"d":"$2.08"},{"v":1.872,"d":"$1.87"},{"v":14.976,"d":"$14.98"},{"v":0.0225,"d":"0.023"},0.18,"B-20",{"v":47.02,"d":"$47.02"},{"v":63.006800000000005,"d":"$63.01"},{"v":1.417653,"d":"$1.42"},{"v":11.341224,"d":"$11.34"},{"v":26.317224000000003,"d":"$26.32"}]
[null,{"$f":"IF(F143<>\"\",1+MAX($B$22:B142),\"\")","v":{"v":51,"d":"51 "}},null,"4\" HDPE DRAIN PIPE\n- CORRUGATED PLASTIC PIPE ASTM F2648","LF",{"v":17.4,"d":"17"},{"v":4.25,"d":"$4.25"},{"v":3.825,"d":"$3.83"},{"$f":"F143*H143","v":{"v":66.55499999999999,"d":"$66.56"}},{"v":0.026999999999999996,"d":"0.027"},{"$f":"F143*J143","v":{"v":0.4697999999999999,"d":"0.47"}},"B-20",{"v":47.02,"d":"$47.02"},{"v":63.006800000000005,"d":"$63.01"},{"v":1.7011836,"d":"$1.70"},{"v":29.600594639999997,"d":"$29.60"},{"v":96.15559463999999,"d":"$96.16"}]
[null,{"$f":"IF(F144<>\"\",1+MAX($B$22:B143),\"\")","v":{"v":52,"d":"52 "}},null,"6\" HDPE DRAIN PIPE\n- CORRUGATED PLASTIC PIPE ASTM F2648","LF",25,{"v":6.65,"d":"$6.65"},{"v":5.985,"d":"$5.99"},{"v":149.625,"d":"$149.63"},{"v":0.036000000000000004,"d":"0.036"},{"v":0.9000000000000001,"d":"0.90"},"B-20",{"v":47.02,"d":"$47.02"},{"v":63.006800000000005,"d":"$63.01"},{"v":2.2682448000000006,"d":"$2.27"},{"v":56.70612000000001,"d":"$56.71"},{"v":206.33112,"d":"$206.33"}]
[null,{"$f":"IF(F145<>\"\",1+MAX($B$22:B144),\"\")","v":{"v":53,"d":"53 "}},null,"8\" HDPE DRAIN PIPE\n- CORRUGATED PLASTIC PIPE ASTM F2648","LF",8,{"v":8.25,"d":"$8.25"},{"v":7.425,"d":"$7.43"},{"v":59.4,"d":"$59.40"},{"v":0.0465,"d":"0.047"},{"v":0.372,"d":"0.37"},"B-20",{"v":47.02,"d":"$47.02"},{"v":63.006800000000005,"d":"$63.01"},{"v":2.9298162000000003,"d":"$2.93"},{"v":23.438529600000003,"d":"$23.44"},{"v":82.8385296,"d":"$82.84"}]
[null,{"$f":"IF(F146<>\"\",1+MAX($B$22:B145),\"\")","v":{"v":54,"d":"54 "}},null,"10\" HDPE DRAIN PIPE\n- CORRUGATED PLASTIC PIPE ASTM F2648","LF",{"$f":"56+60","v":116},{"v":12.25,"d":"$12.25"},{"v":11.025,"d":"$11.03"},{"v":1278.9,"d":"$1,278.90"},{"v":0.10350000000000001,"d":"0.104"},{"v":12.006,"d":"12.01"},"B-20",{"v":47.02,"d":"$47.02"},{"v":63.006800000000005,"d":"$63.01"},{"v":6.521203800000001,"d":"$6.52"},{"v":756.4596408000001,"d":"$756.46"},{"v":2035.3596408000003,"d":"$2,035.36"}]
[null,{"$f":"IF(F147<>\"\",1+MAX($B$22:B146),\"\")","v":{"v":55,"d":"55 "}},null,"DOMESTIC WATER PIPE\n- 2\" CONCRETE LINED DUCTILE IRON PIPE","LF",{"v":20.7,"d":"21"},{"v":37.25,"d":"$37.25"},{"v":33.525,"d":"$33.53"},{"v":693.9675,"d":"$693.97"},0.185,{"v":3.8295,"d":"3.83"},"B-21A",{"v":62.99,"d":"$62.99"},{"v":84.40660000000001,"d":"$84.41"},{"v":15.615221000000002,"d":"$15.62"},{"v":323.23507470000004,"d":"$323.24"},{"v":1017.2025747,"d":"$1,017.20"}]
[null,{"$f":"IF(F148<>\"\",1+MAX($B$22:B147),\"\")","v":{"v":56,"d":"56 "}},null,"FIRE WATER PIPE \n- 6\" CONCRETE LINED DUCTILE IRON PIPE","LF",21,{"v":42.5,"d":"$42.50"},{"v":38.25,"d":"$38.25"},{"v":803.25,"d":"$803.25"},{"v":0.2,"d":"0.200"},{"v":4.2,"d":"4.20"},"B-21A",{"v":62.99,"d":"$62.99"},{"v":84.40660000000001,"d":"$84.41"},{"v":16.881320000000002,"d":"$16.88"},{"v":354.50772000000006,"d":"$354.51"},{"v":1157.75772,"d":"$1,157.76"}]
[null,{"$f":"IF(F149<>\"\",1+MAX($B$22:B148),\"\")","v":{"v":57,"d":"57 "}},null,"SEWER PIPE LINE\n- PVC ASTM D3034-SDR 35","LF",{"v":23.8,"d":"24"},{"v":21,"d":"$21.00"},{"v":18.900000000000002,"d":"$18.90"},{"v":449.82000000000005,"d":"$449.82"},{"v":0.5,"d":"0.500"},{"v":11.9,"d":"11.90"},"Q-1",{"v":58,"d":"$58.00"},{"v":77.72,"d":"$77.72"},{"v":38.86,"d":"$38.86"},{"v":924.868,"d":"$924.87"},{"v":1374.688,"d":"$1,374.69"}]
[null,{"$f":"IF(F150<>\"\",1+MAX($B$22:B149),\"\")","v":""},{"$nulls":5},{"v":0,"d":"$0.00"},{"v":0,"d":"$0.00"},null,{"v":0,"d":"0.00"},null,null,{"v":0,"d":"$0.00"},{"v":0,"d":"$0.00"},{"v":0,"d":"$0.00"},{"v":0,"d":"$0.00"}]
[null,{"$f":"IF(F151<>\"\",1+MAX($B$22:B150),\"\")","v":""},null,"AREA DRAIN",{"$nulls":3},{"v":0,"d":"$0.00"},{"v":0,"d":"$0.00"},null,{"v":0,"d":"0.00"},null,null,{"v":0,"d":"$0.00"},{"v":0,"d":"$0.00"},{"v":0,"d":"$0.00"},{"v":0,"d":"$0.00"}]
[null,{"$f":"IF(F152<>\"\",1+MAX($B$22:B151),\"\")","v":{"v":58,"d":"58 "}},"C103, C501","AREA DRAIN \n- AREA DRAIN GATE AND FRAME 8\" MIN. GRATE BOLTED TO FRAME\n- CAST IRON DRAIN BUCKET\nDRAIN AS MANUFACTURED BY JOSAM SERIES 35580 OR EQUAL","EA",9,{"v":984.27,"d":"$984.27"},{"v":885.843,"d":"$885.84"},{"v":7972.5869999999995,"d":"$7,972.59"},4.785,{"v":43.065,"d":"43.07"},"Q-1",{"v":58,"d":"$58.00"},{"v":77.72,"d":"$77.72"},{"v":371.8902,"d":"$371.89"},{"v":3347.0117999999998,"d":"$3,347.01"},{"v":11319.5988,"d":"$11,319.60"}]
[null,{"$f":"IF(F153<>\"\",1+MAX($B$22:B152),\"\")","v":""},{"$nulls":5},{"v":0,"d":"$0.00"},{"v":0,"d":"$0.00"},null,{"v":0,"d":"0.00"},null,null,{"v":0,"d":"$0.00"},{"v":0,"d":"$0.00"},{"v":0,"d":"$0.00"},{"v":0,"d":"$0.00"}]
[null,{"$f":"IF(F154<>\"\",1+MAX($B$22:B153),\"\")","v":""},null,"MANHOLE",{"$nulls":3},{"v":0,"d":"$0.00"},{"v":0,"d":"$0.00"},null,{"v":0,"d":"0.00"},null,null,{"v":0,"d":"$0.00"},{"v":0,"d":"$0.00"},{"v":0,"d":"$0.00"},{"v":0,"d":"$0.00"}]
[null,{"$f":"IF(F155<>\"\",1+MAX($B$22:B154),\"\")","v":{"v":59,"d":"59 "}},"C103, C501","30\" DOMESTIC CONCRETE MANHOLE\n- 24\" DIA CAST IRON FRAME AND COVER BRICK \n- (4) 10\" DIA KNOCKOUTS ","EA",2,{"v":1825,"d":"$1,825.00"},{"v":1642.5,"d":"$1,642.50"},{"v":3285,"d":"$3,285.00"},{"v":25.70466229391952,"d":"25.705"},{"v":51.40932458783904,"d":"51.41"},"B-13",{"v":56.41,"d":"$56.41"},{"v":75.5894,"d":"$75.59"},{"v":1943,"d":"$1,943.00"},{"v":3886,"d":"$3,886.00"},{"v":7171,"d":"$7,171.00"}]
[null,{"$f":"IF(F156<>\"\",1+MAX($B$22:B155),\"\")","v":""},{"$nulls":5},{"v":0,"d":"$0.00"},{"v":0,"d":"$0.00"},null,{"v":0,"d":"0.00"},null,null,{"v":0,"d":"$0.00"},{"v":0,"d":"$0.00"},{"v":0,"d":"$0.00"},{"v":0,"d":"$0.00"}]
[null,{"$f":"IF(F157<>\"\",1+MAX($B$22:B156),\"\")","v":""},null,"CATCH BASIN",{"$nulls":3},{"v":0,"d":"$0.00"},{"v":0,"d":"$0.00"},null,{"v":0,"d":"0.00"},null,null,{"v":0,"d":"$0.00"},{"v":0,"d":"$0.00"},{"v":0,"d":"$0.00"},{"v":0,"d":"$0.00"}]
[null,{"$f":"IF(F158<>\"\",1+MAX($B$22:B157),\"\")","v":{"v":60,"d":"60 "}},"C103, C501","CATCH BASIN","EA",2,{"v":2975,"d":"$2,975.00"},{"v":2677.5,"d":"$2,677.50"},{"v":5355,"d":"$5,355.00"},{"v":49.193405424570116,"d":"49.193"},{"v":98.38681084914023,"d":"98.39"},"B-13",{"v":56.41,"d":"$56.41"},{"v":75.5894,"d":"$75.59"},{"v":3718.5000000000005,"d":"$3,718.50"},{"v":7437.000000000001,"d":"$7,437.00"},{"v":12792,"d":"$12,792.00"}]
[null,{"$f":"IF(F159<>\"\",1+MAX($B$22:B158),\"\")","v":""},{"$nulls":5},{"v":0,"d":"$0.00"},{"v":0,"d":"$0.00"},null,{"v":0,"d":"0.00"},null,null,{"v":0,"d":"$0.00"},{"v":0,"d":"$0.00"},{"v":0,"d":"$0.00"},{"v":0,"d":"$0.00"}]
[null,{"$f":"IF(F160<>\"\",1+MAX($B$22:B159),\"\")","v":""},null,"VALVE",{"$nulls":3},{"v":0,"d":"$0.00"},{"v":0,"d":"$0.00"},null,{"v":0,"d":"0.00"},null,null,{"v":0,"d":"$0.00"},{"v":0,"d":"$0.00"},{"v":0,"d":"$0.00"},{"v":0,"d":"$0.00"}]
[null,{"$f":"IF(F161<>\"\",1+MAX($B$22:B160),\"\")","v":{"v":61,"d":"61 "}},"C103","WATER GATE VALVE","EA",2,{"v":450,"d":"$450.00"},{"v":405,"d":"$405.00"},{"v":810,"d":"$810.00"},2.125,4.25,"B-21",{"v":55.51,"d":"$55.51"},{"v":74.38340000000001,"d":"$74.38"},{"v":158.064725,"d":"$158.06"},{"v":316.12945,"d":"$316.13"},{"v":1126.12945,"d":"$1,126.13"}]
[null,{"$f":"IF(F162<>\"\",1+MAX($B$22:B161),\"\")","v":""},{"$nulls":5},{"v":0,"d":"$0.00"},{"v":0,"d":"$0.00"},null,{"v":0,"d":"0.00"},null,null,{"v":0,"d":"$0.00"},{"v":0,"d":"$0.00"},{"v":0,"d":"$0.00"},{"v":0,"d":"$0.00"}]
[null,{"$f":"IF(F163<>\"\",1+MAX($B$22:B162),\"\")","v":""},null,"CONNCTIONS",{"$nulls":3},{"v":0,"d":"$0.00"},{"v":0,"d":"$0.00"},null,{"v":0,"d":"0.00"},null,null,{"v":0,"d":"$0.00"},{"v":0,"d":"$0.00"},{"v":0,"d":"$0.00"},{"v":0,"d":"$0.00"}]
[null,{"$f":"IF(F164<>\"\",1+MAX($B$22:B163),\"\")","v":{"v":62,"d":"62 "}},"C103","SEWER CONNECTION","EA",1,{"v":120,"d":"$120.00"},{"v":108,"d":"$108.00"},{"v":108,"d":"$108.00"},{"v":0.5,"d":"0.500"},{"v":0.5,"d":"0.50"},"Q-1",{"v":58,"d":"$58.00"},{"v":77.72,"d":"$77.72"},{"v":38.86,"d":"$38.86"},{"v":38.86,"d":"$38.86"},{"v":146.86,"d":"$146.86"}]
[null,{"$f":"IF(F165<>\"\",1+MAX($B$22:B164),\"\")","v":{"v":63,"d":"63 "}},null,"WATER CONNECTION","EA",2,{"v":120,"d":"$120.00"},{"v":108,"d":"$108.00"},{"v":216,"d":"$216.00"},{"v":0.5,"d":"0.500"},{"v":1,"d":"1.00"},"Q-1",{"v":58,"d":"$58.00"},{"v":77.72,"d":"$77.72"},{"v":38.86,"d":"$38.86"},{"v":77.72,"d":"$77.72"},{"v":293.72,"d":"$293.72"}]
[null,{"$f":"IF(F166<>\"\",1+MAX($B$22:B165),\"\")","v":{"v":64,"d":"64 "}},null,"STORM DRAIN CONNECTION","EA",1,{"v":120,"d":"$120.00"},{"v":108,"d":"$108.00"},{"v":108,"d":"$108.00"},{"v":0.5,"d":"0.500"},{"v":0.5,"d":"0.50"},"Q-1",{"v":58,"d":"$58.00"},{"v":77.72,"d":"$77.72"},{"v":38.86,"d":"$38.86"},{"v":38.86,"d":"$38.86"},{"v":146.86,"d":"$146.86"}]
[null,{"$f":"IF(F167<>\"\",1+MAX($B$22:B166),\"\")","v":""},{"$nulls":5},{"v":0,"d":"$0.00"},{"v":0,"d":"$0.00"},null,{"v":0,"d":"0.00"},null,null,{"v":0,"d":"$0.00"},{"v":0,"d":"$0.00"},{"v":0,"d":"$0.00"},{"v":0,"d":"$0.00"}]
[null,{"$f":"IF(F168<>\"\",1+MAX($B$22:B167),\"\")","v":""},null,"TRENCH",{"$nulls":3},{"v":0,"d":"$0.00"},{"v":0,"d":"$0.00"},null,{"v":0,"d":"0.00"},null,null,{"v":0,"d":"$0.00"},{"v":0,"d":"$0.00"},{"v":0,"d":"$0.00"},{"v":0,"d":"$0.00"}]
[null,{"$f":"IF(F169<>\"\",1+MAX($B$22:B168),\"\")","v":{"v":65,"d":"65 "}},"C103, C501","UTILITY TRENCH\n- PIPE BEDDING CONSISTING OF  1/2 TO 3/4 INCH CRUSHED STONE \n- WOOD SHEETING IF REQUIRED","EA",1,{"v":1100,"d":"$1,100.00"},{"v":990,"d":"$990.00"},{"v":990,"d":"$990.00"},{"v":6,"d":"6.000"},{"v":6,"d":"6.00"},"Q-1",{"v":58,"d":"$58.00"},{"v":77.72,"d":"$77.72"},{"v":466.32,"d":"$466.32"},{"v":466.32,"d":"$466.32"},{"v":1456.32,"d":"$1,456.32"}]
[null,{"$f":"IF(F170<>\"\",1+MAX($B$22:B169),\"\")","v":""},{"$nulls":5},{"v":0,"d":"$0.00"},{"v":0,"d":"$0.00"},null,{"v":0,"d":"0.00"},null,null,{"v":0,"d":"$0.00"},{"v":0,"d":"$0.00"},{"v":0,"d":"$0.00"},{"v":0,"d":"$0.00"}]
[null,{"$f":"IF(F171<>\"\",1+MAX($B$22:B170),\"\")","v":""},null,"TRENCHING",{"$nulls":3},{"v":0,"d":"$0.00"},{"v":0,"d":"$0.00"},null,{"v":0,"d":"0.00"},null,null,{"v":0,"d":"$0.00"},{"v":0,"d":"$0.00"},{"v":0,"d":"$0.00"},{"v":0,"d":"$0.00"}]
[null,{"$f":"IF(F172<>\"\",1+MAX($B$22:B171),\"\")","v":""},{"$nulls":5},{"v":0,"d":"$0.00"},{"v":0,"d":"$0.00"},null,{"v":0,"d":"0.00"},null,null,{"v":0,"d":"$0.00"},{"v":0,"d":"$0.00"},{"v":0,"d":"$0.00"},{"v":0,"d":"$0.00"}]
[null,{"$f":"IF(F173<>\"\",1+MAX($B$22:B172),\"\")","v":""},null,"EXCAVATION",{"$nulls":3},{"v":0,"d":"$0.00"},{"v":0,"d":"$0.00"},null,{"v":0,"d":"0.00"},null,null,{"v":0,"d":"$0.00"},{"v":0,"d":"$0.00"},{"v":0,"d":"$0.00"},{"v":0,"d":"$0.00"}]
[null,{"$f":"IF(F174<>\"\",1+MAX($B$22:B173),\"\")","v":{"v":66,"d":"66 "}},null,"EXCAVATION PROVIDED FOR UTILITY WORKS","CY",{"$f":"(240*5*2)/27","v":{"v":88.88888888888889,"d":"88.9"}},null,{"v":0,"d":"$0.00"},{"v":0,"d":"$0.00"},0.679,{"v":60.355555555555554,"d":"60.36"},"1 CLAB",{"v":42.1,"d":"$42.10"},{"v":56.41400000000001,"d":"$56.41"},{"v":38.30510600000001,"d":"$38.31"},{"v":3404.898311111112,"d":"$3,404.90"},{"v":3404.898311111112,"d":"$3,404.90"}]
[null,{"$f":"IF(F175<>\"\",1+MAX($B$22:B174),\"\")","v":""},{"$nulls":5},{"v":0,"d":"$0.00"},{"v":0,"d":"$0.00"},null,{"v":0,"d":"0.00"},null,null,{"v":0,"d":"$0.00"},{"v":0,"d":"$0.00"},{"v":0,"d":"$0.00"},{"v":0,"d":"$0.00"}]
[null,{"$f":"IF(F176<>\"\",1+MAX($B$22:B175),\"\")","v":""},null,"BACKFILL",{"$nulls":3},{"v":0,"d":"$0.00"},{"v":0,"d":"$0.00"},null,{"v":0,"d":"0.00"},null,null,{"v":0,"d":"$0.00"},{"v":0,"d":"$0.00"},{"v":0,"d":"$0.00"},{"v":0,"d":"$0.00"}]
[null,{"$f":"IF(F177<>\"\",1+MAX($B$22:B176),\"\")","v":{"v":67,"d":"67 "}},null,"BACKFILL PROVIDED FOR UTILITY WORKS OVER BEDDING MATERIAL","CY",{"$f":"(240*5*1.5)/27","v":{"v":66.66666666666667,"d":"66.7"}},null,{"v":0,"d":"$0.00"},{"v":0,"d":"$0.00"},0.361,{"v":24.066666666666666,"d":"24.07"},"1 CLAB",{"v":42.1,"d":"$42.10"},{"v":56.41400000000001,"d":"$56.41"},{"v":20.365454000000003,"d":"$20.37"},{"v":1357.6969333333336,"d":"$1,357.70"},{"v":1357.6969333333336,"d":"$1,357.70"}]
[null,{"$f":"IF(F178<>\"\",1+MAX($B$22:B177),\"\")","v":""},{"$nulls":5},{"v":0,"d":"$0.00"},{"v":0,"d":"$0.00"},null,{"v":0,"d":"0.00"},null,null,{"v":0,"d":"$0.00"},{"v":0,"d":"$0.00"},{"v":0,"d":"$0.00"},{"v":0,"d":"$0.00"}]
[null,{"$f":"IF(F179<>\"\",1+MAX($B$22:B178),\"\")","v":""},null,"HAULOFF/IMPORT",{"$nulls":3},{"v":0,"d":"$0.00"},{"v":0,"d":"$0.00"},null,{"v":0,"d":"0.00"},null,null,{"v":0,"d":"$0.00"},{"v":0,"d":"$0.00"},{"v":0,"d":"$0.00"},{"v":0,"d":"$0.00"}]
[null,{"$f":"IF(F180<>\"\",1+MAX($B$22:B179),\"\")","v":{"v":68,"d":"68 "}},null,"HAULING OFF EXTRA MATERIAL","CY",{"$f":"F174-F177","v":{"v":22.222222222222214,"d":"22.2"}},null,{"v":0,"d":"$0.00"},{"v":0,"d":"$0.00"},{"v":0.17,"d":"0.170"},{"v":3.777777777777777,"d":"3.78"},"1 CLAB",{"v":42.1,"d":"$42.10"},{"v":56.41400000000001,"d":"$56.41"},{"v":9.590380000000001,"d":"$9.59"},{"v":213.1195555555555,"d":"$213.12"},{"v":213.1195555555555,"d":"$213.12"}]
[]
[null,{"$f":"IF(F182<>\"\",1+MAX($B$22:B180),\"\")","v":""},"DIV. 31","EARTHWORK","SUBTOTAL MATERIAL",null,null,{"$f":"SUM(I183:I192)","v":0},null,null,"SUBTOTAL LABOR",{"$nulls":3},{"$f":"SUM(P183:P192)","v":{"v":5747.076218207933,"d":"$5,747"}},{"v":0,"d":"$0.00"},{"$f":"SUM(Q183:Q192)","v":{"v":5747.076218207933,"d":"$5,747"}},{"$f":"(Q182)+(H182*$Q$8)+(O182*$Q$9)+(Q182*$Q$10)+($Q$11*((Q182)+(H182*$Q$8)+(O182*$Q$9)+(Q182*$Q$10)))+(Q182*$Q$12)","v":{"v":8201.077763382722,"d":"$8,201"}}]
[null,{"$f":"IF(F183<>\"\",1+MAX($B$22:B182),\"\")","v":""},{"$nulls":5},{"$f":"G183*$T$2","v":{"v":0,"d":"$0.00"}},{"v":0,"d":"$0.00"},null,{"$f":"F183*J183","v":{"v":0,"d":"0.00"}},null,null,{"$f":"M183*$U$2","v":{"v":0,"d":"$0.00"}},{"$f":"J183*N183","v":{"v":0,"d":"$0.00"}},{"v":0,"d":"$0.00"},{"$f":"I183+P183","v":{"v":0,"d":"$0.00"}}]
[null,{"$f":"IF(F184<>\"\",1+MAX($B$22:B183),\"\")","v":""},null,"EXCAVATION",{"$nulls":3},{"v":0,"d":"$0.00"},{"v":0,"d":"$0.00"},null,{"v":0,"d":"0.00"},null,null,{"v":0,"d":"$0.00"},{"v":0,"d":"$0.00"},{"v":0,"d":"$0.00"},{"v":0,"d":"$0.00"}]
[null,{"$f":"IF(F185<>\"\",1+MAX($B$22:B184),\"\")","v":{"v":69,"d":"69 "}},"P100","EXCAVATION PROVIDED FOR PIPING","CY",{"$f":"((224*1*1.17)+(477*1*1.25)+(1083*1*1.33)+(88*1*1.42)+(76*1*1.5)+(84*1*1.67))/27","v":{"v":99.18370370370373,"d":"99.2"}},null,{"v":0,"d":"$0.00"},{"$f":"F185*H185","v":{"v":0,"d":"$0.00"}},0.679,{"v":67.34573481481483,"d":"67.35"},"1 CLAB",{"v":42.1,"d":"$42.10"},{"v":56.41400000000001,"d":"$56.41"},{"v":38.30510600000001,"d":"$38.31"},{"$f":"F185*O185","v":{"v":3799.2422838429648,"d":"$3,799.24"}},{"v":3799.2422838429648,"d":"$3,799.24"}]
[null,{"$f":"IF(F186<>\"\",1+MAX($B$22:B185),\"\")","v":""},{"$nulls":5},{"v":0,"d":"$0.00"},{"v":0,"d":"$0.00"},null,{"v":0,"d":"0.00"},null,null,{"v":0,"d":"$0.00"},{"v":0,"d":"$0.00"},{"v":0,"d":"$0.00"},{"v":0,"d":"$0.00"}]
[null,{"$f":"IF(F187<>\"\",1+MAX($B$22:B186),\"\")","v":""},null,"BACKFILL",{"$nulls":3},{"v":0,"d":"$0.00"},{"v":0,"d":"$0.00"},null,{"v":0,"d":"0.00"},null,null,{"v":0,"d":"$0.00"},{"v":0,"d":"$0.00"},{"v":0,"d":"$0.00"},{"v":0,"d":"$0.00"}]
[null,{"$f":"IF(F188<>\"\",1+MAX($B$22:B187),\"\")","v":{"v":70,"d":"70 "}},"P100","BACKFILL PROVIDED FOR PIPING","CY",92.5,null,{"v":0,"d":"$0.00"},{"v":0,"d":"$0.00"},0.361,{"v":33.3925,"d":"33.39"},"1 CLAB",{"v":42.1,"d":"$42.10"},{"v":56.41400000000001,"d":"$56.41"},{"v":20.365454000000003,"d":"$20.37"},{"v":1883.8044950000003,"d":"$1,883.80"},{"v":1883.8044950000003,"d":"$1,883.80"}]
[null,{"$f":"IF(F189<>\"\",1+MAX($B$22:B188),\"\")","v":""},{"$nulls":5},{"v":0,"d":"$0.00"},{"v":0,"d":"$0.00"},null,{"v":0,"d":"0.00"},null,null,{"v":0,"d":"$0.00"},{"v":0,"d":"$0.00"},{"v":0,"d":"$0.00"},{"v":0,"d":"$0.00"}]
[null,{"$f":"IF(F190<>\"\",1+MAX($B$22:B189),\"\")","v":""},null,"HAULOFF/IMPORT",{"$nulls":3},{"v":0,"d":"$0.00"},{"v":0,"d":"$0.00"},null,{"v":0,"d":"0.00"},null,null,{"v":0,"d":"$0.00"},{"v":0,"d":"$0.00"},{"v":0,"d":"$0.00"},{"v":0,"d":"$0.00"}]
[null,{"$f":"IF(F191<>\"\",1+MAX($B$22:B190),\"\")","v":{"v":71,"d":"71 "}},"P100","HAULING OFF EXTRA MATERIAL FOR PIPING","CY",{"$f":"((3.1416*0.08*0.08*224)+(3.1416*0.12*0.12*477)+(3.1416*0.17*0.17*1083)+(3.1416*0.21*0.21*88)+(3.1416*0.25*0.25*76)+(3.1416*0.33*0.33*84))/27","v":{"v":6.6764236,"d":"6.7"}},null,{"v":0,"d":"$0.00"},{"v":0,"d":"$0.00"},{"v":0.17,"d":"0.170"},{"v":1.134992012,"d":"1.13"},"1 CLAB",{"v":42.1,"d":"$42.10"},{"v":56.41400000000001,"d":"$56.41"},{"v":9.590380000000001,"d":"$9.59"},{"v":64.02943936496801,"d":"$64.03"},{"v":64.02943936496801,"d":"$64.03"}]
[null,{"$f":"IF(F192<>\"\",1+MAX($B$22:B188),\"\")","v":""},{"$nulls":5},{"v":0,"d":"$0.00"},{"v":0,"d":"$0.00"},null,{"v":0,"d":"0.00"},null,null,{"v":0,"d":"$0.00"},{"v":0,"d":"$0.00"},{"v":0,"d":"$0.00"},{"v":0,"d":"$0.00"}]
[]
[null,"BID ALTERNATE"]
[null,"LINE\nNO.","DWG REF./\nCSI SEC.","ITEM DESCRIPTION","UNIT OF\nMEASURE","QUANTITY ","MATERIAL",null,null,"LABOR",{"$nulls":6},"LINE\nTOTAL","TRADE\nTOTAL"]
[{"$nulls":6},"UNIT PRICE","UNIT PRICE","TOTAL COST","UNIT LABOR HOUR","LABOR\nHOURS","CREW","LABOR RATE","LABOR RATE","UNIT PRICE","TOTAL COST"]
[null,{"$f":"IF(F197<>\"\",1+MAX($B$1:B196),\"\")","v":""}]
[null,{"$f":"IF(F198<>\"\",1+MAX($B$1:B197),\"\")","v":""},"ALT-1","ALTERNATE #1","SUBTOTAL MATERIAL",null,null,{"$f":"SUM(I199:I204)","v":0},null,null,"SUBTOTAL LABOR",{"$nulls":3},{"$f":"SUM(P199:P204)","v":{"v":3284.2151580559835,"d":"$3,284"}},{"$f":"F198*O198","v":{"v":0,"d":"$0.00"}},{"$f":"SUM(Q199:Q204)","v":{"v":3284.2151580559835,"d":"$3,284"}},{"$f":"(Q198)+(H198*$Q$8)+(O198*$Q$9)+(Q198*$Q$10)+($Q$11*((Q198)+(H198*$Q$8)+(O198*$Q$9)+(Q198*$Q$10)))+(Q198*$Q$12)","v":{"v":4686.575030545888,"d":"$4,687"}}]
[null,{"$f":"IF(F199<>\"\",1+MAX($B$1:B198),\"\")","v":""},{"$nulls":5},{"$f":"G199*$T$2","v":{"v":0,"d":"$0.00"}},{"$f":"F199*H199","v":{"v":0,"d":"$0.00"}},null,{"$f":"F199*J199","v":{"v":0,"d":"0.00"}},null,null,{"$f":"M199*$U$2","v":{"v":0,"d":"$0.00"}},{"$f":"J199*N199","v":{"v":0,"d":"$0.00"}},{"v":0,"d":"$0.00"},{"$f":"I199+P199","v":{"v":0,"d":"$0.00"}}]
[null,{"$f":"IF(F200<>\"\",1+MAX($B$22:B199),\"\")","v":""},null,"EARTHWORK",{"$nulls":3},{"v":0,"d":"$0.00"},{"v":0,"d":"$0.00"},null,{"v":0,"d":"0.00"},null,null,{"v":0,"d":"$0.00"},{"v":0,"d":"$0.00"},{"v":0,"d":"$0.00"},{"v":0,"d":"$0.00"}]
[null,{"$f":"IF(F201<>\"\",1+MAX($B$22:B200),\"\")","v":{"v":72,"d":"72 "}},"P101","EXCAVATION PROVIDED FOR PVC PIPING","CY",{"$f":"(1151*1.33*1)/27","v":{"v":56.69740740740741,"d":"56.7"}},null,{"v":0,"d":"$0.00"},{"v":0,"d":"$0.00"},0.679,{"v":38.497539629629635,"d":"38.50"},"1 CLAB",{"v":42.1,"d":"$42.10"},{"v":56.41400000000001,"d":"$56.41"},{"v":38.30510600000001,"d":"$38.31"},{"v":2171.8002006659267,"d":"$2,171.80"},{"v":2171.8002006659267,"d":"$2,171.80"}]
[null,{"$f":"IF(F202<>\"\",1+MAX($B$22:B201),\"\")","v":{"v":73,"d":"73 "}},null,"BACKFILL PROVIDED FOR PVC PIPING","CY",52.8,null,{"v":0,"d":"$0.00"},{"v":0,"d":"$0.00"},0.361,{"v":19.060799999999997,"d":"19.06"},"1 CLAB",{"v":42.1,"d":"$42.10"},{"v":56.41400000000001,"d":"$56.41"},{"v":20.365454000000003,"d":"$20.37"},{"v":1075.2959712000002,"d":"$1,075.30"},{"v":1075.2959712000002,"d":"$1,075.30"}]
[null,{"$f":"IF(F203<>\"\",1+MAX($B$22:B202),\"\")","v":{"v":74,"d":"74 "}},null,"HAULING OFF EXTRA MATERIAL FOR PVC PIPING","CY",{"$f":"(3.1416*0.17*0.17*1151)/27","v":{"v":3.8704395644444447,"d":"3.9"}},null,{"v":0,"d":"$0.00"},{"v":0,"d":"$0.00"},{"v":0.17,"d":"0.170"},{"v":0.6579747259555556,"d":"0.66"},"1 CLAB",{"v":42.1,"d":"$42.10"},{"v":56.41400000000001,"d":"$56.41"},{"v":9.590380000000001,"d":"$9.59"},{"v":37.11898619005672,"d":"$37.12"},{"v":37.11898619005672,"d":"$37.12"}]
[null,{"$f":"IF(F204<>\"\",1+MAX($B$1:B199),\"\")","v":""},{"$nulls":5},{"v":0,"d":"$0.00"},{"v":0,"d":"$0.00"},null,{"v":0,"d":"0.00"},null,null,{"v":0,"d":"$0.00"},{"v":0,"d":"$0.00"},{"v":0,"d":"$0.00"},{"v":0,"d":"$0.00"}]